{"text_format":"3","workbook":"xlsx","n_sheets":1,"sheets":["Sheet 1"],"read":"whole","date_system":"1900"}

{"sheet":"Sheet 1","index":0,"n_rows":393,"n_cols":17,"rows_kept":393,"merged":[[0,0,0,14]]}
["Протокол по итогам муниципального этапа ВсОШ по предмету \"Физическая культура\"  в 2021-2022 учебном году "]
["№","Район","Наименование ОО","Фамилия","Имя","Отчество","Пол","Участник с ОВЗ (да/нет)","Класс обучения","Класс участия","Балл","Добавлено баллов по итогам апелляций","Итоговый балл","Максимальный балл","Статус","ФИО учителя","Место работы учителя"]
[1,"Ново-Савиновский район","Муниципальное бюджетное общеобразовательное учреждение «Средняя общеобразовательная татарско – русская школа №113 с углубленным изучением отдельных предметов им. Героя России М.Р. Ахметшина» Ново-Савиновского района г. Казани","Валиуллин","А.","Р.","М","нет",8,8,89.01,"",89.01,100,"Победитель","Рыжов  АлександрВасильевич","Муниципальное  бюджетное общеобразовательное учреждение \"Средняя общеобразовательная татарско-русская школа №113 с углубленным изучением отдельных предметов имени Героя России М,Р,Ахметшина\" Ново-Савиновского района г, Казани\""]
[2,"Приволжский район","Муниципальное автономное общеобразовательное учреждение «Гимназия №19» Приволжского района г. Казани","Зайдуллин","А.","А.","М","нет",8,8,86.35,"",86.35,100,"Победитель","Зиятдинов  ВадимРинатович","Муниципальное  автономное общеобразовательное учреждение \"Гимназия №19\""]
[3,"Ново-Савиновский район","Муниципальное бюджетное общеобразовательное учреждение «Средняя общеобразовательная татарско – русская школа №113 с углубленным изучением отдельных предметов им. Героя России М.Р. Ахметшина» Ново-Савиновского района г. Казани","Кузиков","М.","Д.","М","нет",8,8,86.03,"",86.03,100,"Победитель","Рыжов  АлександрВасильевич","Муниципальное  бюджетное общеобразовательное учреждение \"Средняя общеобразовательная татарско-русская школа №113 с углубленным изучением отдельных предметов имени Героя России М,Р,Ахметшина\" Ново-Савиновского района г, Казани\""]
[4,"Вахитовский район","ФГКОУ «Казанское суворовское военное училище »","Калашников","Р.","А.","М","нет",8,8,83.27,"",83.27,100,"Призер","Зиновьев  Евгений Анатольевич","ФГКОУ  «Казанское суворовское военное училище »"]
[5,"Приволжский район","Муниципальное автономное общеобразовательное учреждение «Гимназия №19» Приволжского района г. Казани","Золоторев","А.","А.","М","нет",8,8,82.71,"",82.71,100,"Призер","Баранов  Глеб Валерьевич","Муниципальное  автономное общеобразовательное учреждение \"Гимназия №19\" Приволжского района г,Казани Республики Татарстан"]
[6,"Ново-Савиновский район","Муниципальное бюджетное общеобразовательное учреждение «Средняя общеобразовательная татарско – русская школа №113 с углубленным изучением отдельных предметов им. Героя России М.Р. Ахметшина» Ново-Савиновского района г. Казани","Саидов","Р.","Т.","М","нет",8,8,82.5,"",82.5,100,"Призер","Рыжов  Александр Васильевич","МБОУ  \"Школа №113\""]
[7,"Московский район","МУНИЦИПАЛЬНОЕ БЮДЖЕТНОЕ ОБЩЕОБРАЗОВАТЕЛЬНОЕ УЧРЕЖДЕНИЕ \"Средняя общеобразовательная школа №99\" Московского района г. Казани","Лаухин","Д.","Д.","М","нет",8,8,82.33,"",82.33,100,"Призер","Горулёва  СветланаАлександровна","Муниципальное  бюджетное общеобразовательное учреждение \"Средняя общеобразовательная школа № 99\" Московского района г, Казани\""]
[8,"Советский район","МБОУ «Средняя общеобразовательная школа №15 с углубленным изучением отдельных предметов» Советского района г. Казани","Карпов","Б.","Ю.","М","нет",6,7,81.28,"",81.28,100,"Призер","Каримов  Марат Рамилевич","МБОУ\"Школа15\""]
[9,"Московский район","Муниципальное бюджетное общеобразовательное учреждение «Гимназия №94» Московского района г. Казани","Ионов","А.","В.","М","нет",8,8,79.78,"",79.78,100,"Призер","Баландин  Игорь Викторович","Муниципальное  бюджетное общеобразовательное учреждение \"Гимназия №94\" г,Казани Республики Татарстан"]
[10,"Советский район","Муниципальное бюджетное общеобразовательное учреждение «Гимназия №175» Советского района г. Казани","Алеев","Д.","Н.","М","нет",7,7,79.51,"",79.51,100,"Призер","Кириллова  Ольга Владимировна","Муниципальное  бюджетное общеобразовательное учреждение \"Гимназия №175\" Советского района г,Казани Республики Татарстан"]
[11,"Ново-Савиновский район","МБОУ «Средняя общеобразовательная школа №132 с углубленным изучением иностранных языков» Ново-Савиновского района г. Казани","Галимов","А.","А.","М","нет",7,7,78.39,"",78.39,100,"Призер","Хубатуллина  А,И","МБОУ  «Школа № 132»"]
[12,"Вахитовский район","Муниципальное бюджетное общеобразовательное учреждение «Средняя общеобразовательная школа №12» Вахитовского района г. Казани","Алякин","С.","Г.","М","нет",8,8,78.03,"",78.03,100,"Призер","Аверьянов  ОлегАлександрович","Муниципальное  бюджетное общеобразовательное учреждение \"Средняя общеобразовательная школа №12\""]
[13,"Московский район","Муниципальное бюджетное общеобразовательное учреждение «Гимназия №75» Московского района г.Казани","Ханов","Г.","Е.","М","нет",8,8,77.95,"",77.95,100,"Призер","Толометова  ЭльвираФлитовна","Муниципальное  бюджетное общеобразовательное учреждение \"Гимназия № 75\" Московского района г, Казани\""]
[14,"Советский район","МБОУ «Средняя общеобразовательная школа №72 с углубленным изучением немецкого языка» Советского района г. Казани","Яковлев","Н.","А.","М","нет",8,8,77.68,"",77.68,100,"Призер","Яковлева  Марина Александровна","Муниципальное  бюджетное общеобразовательное учреждение \"Школа №72\" г,Казани Республики Татарстан"]
[15,"Авиастроительный район","Муниципальное бюджетное общеобразовательное учреждение \"Средняя общеобразовательная школа №60\" Авиастроительного района г. Казани","Купцов","Д.","Д.","М","нет",8,8,77.44,"",77.44,100,"Призер","Семагина  Светлана Владимировна","МБОУ  \"Школа №60\""]
[16,"Ново-Савиновский район","Муниципальное автономное общеобразовательное учреждение «Лицей №146 \"Ресурс\"» Ново-Савиновского района г. Казани","Халиуллин","Р.","А.","М","нет",8,8,77.34,"",77.34,100,"Призер","Федорченко  Р,В,","Муниципальное  автономное общеобразовательное учреждение «Лицей №146 \"Ресурс\"» Ново-Савиновского района г, Казани"]
[17,"Авиастроительный район","Муниципальное бюджетное общеобразовательное учреждение \"Средняя общеобразовательная школа № 54 с углубленным изучением отдельных предметов\" Авиастроительного района  г. Казани","Юсупов","К.","И.","М","нет",7,7,77,"",77,100,"Призер","Сафин  Ильдар Гусманович","МБОУ  \"Школа № 54\""]
[18,"Ново-Савиновский район","МБОУ «Средняя общеобразовательная школа №89 с углубленным изучением отдельных предметов» Ново-Савиновского района г.Казани","Щеголев","Л.","А.","М","нет",8,8,76.99,"",76.99,100,"Призер","Страдаева  Марина Владимировна","МБОУ  \"Школа №89\""]
[19,"Ново-Савиновский район","МБОУ «Средняя общеобразовательная школа №85 с углубленным изучением отдельных предметов» Ново-Савиновского района г. Казани","Васни","И.","А.","М","нет",8,8,76.78,"",76.78,100,"Призер","Сабитов  Данис Наильевич","Муниципальное  бюджетное общеобразовательное учреждение \"Школа №85\" г,Казани Республики Татарстан"]
[20,"Советский район","Муниципальное автономное общеобразовательное учреждение \"Гимназия №141\" Советского района г.Казани","Титов","Г.","Д.","М","нет",7,7,76.68,"",76.68,100,"Призер","Гонголев  Вячеслав Геннадьевич","Муниципальное  автономное общеобразовательное учреждение \"Гимназия 141\""]
[21,"Кировский район","Муниципальное бюджетное общеобразовательное учреждение \"Политехнический лицей №182\" Кировского района г.Казани","Антонов","В.","П.","М","нет",8,8,75.96,"",75.96,100,"Призер","Антонова  Снежана Николаевна","МБОУ  \"Политехнический лицей №182\""]
[22,"Приволжский район","Муниципальное бюджетное общеобразовательное учреждение \"Средняя общеобразовательная школа № 173\" г. Казани","Зубов","Г.","А.","М","нет",8,8,75.75,"",75.75,100,"Призер","Тагирова  Римма Шамилевна","МБОУ  \"Школа №173\""]
[23,"Авиастроительный район","Муниципальное бюджетное общеобразовательное учреждение \"Гимназия №36\" Авиастроительного района г. Казани","Макаров","А.","Д.","М","нет",7,7,75.33,"",75.33,100,"Призер","Мартынова  Татьяна Георгиевна","МБОУ\"Гимназия  №36\" Авиастроительного района г,Казани"]
[24,"Авиастроительный-Ново-Савиновский","Государственное  бюджетное общеобразовательное учреждение \"Казанская кадетская школа-интернат им, Героя Советского Союза Б,К, Кузнецова\"","Никулин","Ф.","С.","М","нет",8,8,75.31,"",75.31,100,"Призер","Шамаев  ДмитрийГеннадьевич","Государственное  бюджетное общеобразовательное учреждение \"Казанская кадетская школа-интернат имени Героя Советского Союза Б,К,Кузнецова\""]
[25,"Приволжский район","Муниципальное бюджетное общеобразовательное учреждение «Многопрофильный лицей №186 - «Перспектива» Приволжского района г.Казани","Шилов","Д.","А.","М","нет",8,8,74.81,"",74.81,100,"Призер","Сабирзянов  Рустем Нагимуллович","Муниципальное  бюджетное общеобразовательное учреждение \"Многопрофильный лицей № 186 - \"Перспектива\" Приволжского района г,Казани"]
[26,"Советский район","МАОУ \"Лицей №121 имени Героя Советского Союза С. А. Ахтямова\" Советского района г.Казани","Елисеев","П.","Д.","М","нет",8,8,74.72,"",74.72,100,"Призер","Слободчиков  Сергей Львович","Муниципальное  автономное общеобразовательное учреждение \"Лицей№121\"\" г,Казани Республики Татарстан"]
[27,"Советский район","МБОУ «Средняя общеобразовательная школа №171 с углубленным изучением отдельных предметов» Советского района г. Казани (Школа - центр компетенции в электронном образовании)","Шайхутов","К.","А.","М","нет",8,8,74.67,"",74.67,100,"Призер","Хусаинов  Ильшат Асхатович","Муниципальное  бюджетное общеобразовательное учреждение \"Школа №171\" Советского района г,Казани"]
[28,"Кировский район","Муниципальное бюджетное общеобразовательное учреждение  \"Русско-татарская средняя общеобразовательная школа №81 с углубленным изучением отдельных предметов имени В.А.Григорьева\" Кировского района г. Казани","Хусаинов","А.","Р.","М","нет",7,7,74.67,"",74.67,100,"Призер","Рябова  Анна Владимировна","Муниципальное  бюджетное общеобразовательное учреждение \"Русско-татарская средняя общеобразовательная школа №81 с углубленным изучением отдельных предметов имени В,А, Григорьева\" Кировского района г, Казани"]
[29,"Вахитовский район","Государственное бюджетное общеобразовательное учреждение \"Казанская кадетская школа-интернат им. Героя Советского Союза Б.К. Кузнецова\"","Мифтахов","Д.","И.","М","нет",8,8,74.54,"",74.54,100,"Призер","Камалиев  Талгат Фаргатович","ГБОУ  \"Казанская кадетская школа-инатернат им, Б,К, Кузнецова\""]
[30,"Авиастроительный район","Муниципальное бюджетное общеобразовательное учреждение \"Гимназия №10\" Авиастроительного района г.Казани","Азизов","И.","Р.","М","нет",7,7,74.54,"",74.54,100,"Призер","Мубаракшина  Ф,М,","Муниципальное  бюджетное общеобразовательное учреждение \"Гимназия №10\" Авиастроительного района г, Казани"]
[31,"Московский район","МУНИЦИПАЛЬНОЕ БЮДЖЕТНОЕ ОБЩЕОБРАЗОВАТЕЛЬНОЕ УЧРЕЖДЕНИЕ \"Средняя общеобразовательная школа №99\" Московского района г. Казани","Васильев","Т.","С.","М","нет",7,7,74.32,"",74.32,100,"Призер","Садертдинова  Миляуша Магсумовна","Муниципальное  бюджетное общеобразовательное учреждение \"Школа №99\" г,Казани Республики Татарстан"]
[32,"Советский район","Муниципальное бюджетное общеобразовательное учреждение «Гимназия №93»  Советского района г.Казани","Соловьев","И.","В.","М","нет",8,8,74.24,"",74.24,100,"Призер","Шкаева  Алина Ильинична","МБОУ  \"Гимназия №93\" Советского района г,Казани"]
[33,"Кировский район","Муниципальное бюджетное общеобразовательное учреждение «Многопрофильный лицей №188» Кировского района г. Казани","Зырянов","Т.","И.","М","нет",8,8,74.05,"",74.05,100,"Призер","Лебедев  Иван Сергеевич","Муниципальное  бюджетное общеобразовательное учреждение \"Лицей Бионика №188\" г,Казани Республики Татарстан"]
[34,"Приволжский район","Муниципальное автономное общеобразовательное учреждение «Гимназия №19» Приволжского района г. Казани","Генч","М.","Л.","М","нет",8,8,73.71,"",73.71,100,"Призер","Зиятдинов  ВадимРинатович","Муниципальное  автономное общеобразовательное учреждение \"Гимназия №19\""]
[35,"Кировский район","Муниципальное бюджетное общеобразовательное учреждение «Средняя общеобразовательная школа № 137 с углубленным изучением отдельных предметов» Кировского района г. Казани","Садыков","И.","И.","М","нет",7,7,73.59,"",73.59,100,"Участник","Любин  Александр Васильевич","Муниципальное  бюджетное общеобразовательное учреждение \"Школа №137 с углубленным изучением отдельных предметов\" Кировского района г,Казани Республики Татарстан"]
[36,"Кировский район","Муниципальное бюджетное общеобразовательное учреждение  \"Татарская гимназия №15\" Кировского района г.Казани","Назипов","И.","Х.","М","нет",8,8,73.18,"",73.18,100,"Участник","Сатунина  Анна Константиновна","МБОУ  \"Татарская гимназия №15\" Кировского района г,Казани"]
[37,"Авиастроительный район","Муниципальное автономное общеобразовательное учреждение «Гимназия №37» Авиастроительного района г. Казани","Чадаев","М.","С.","М","нет",7,7,73.05,"",73.05,100,"Участник","Курбанова  Наиля Ахметовна","Муниципальное  автономное общеобразовательное учреждение \"Гимназия №37\" г,Казани Республики Татарстан"]
[38,"Приволжский район","Муниципальное бюджетное общеобразовательное учреждение «Средняя общеобразовательная школа №42» Приволжского района г. Казани","Антонов","И.","С.","М","нет",7,7,72.94,"",72.94,100,"Участник","Портнов  Дмитрий Михайлович","Муниципальное  бюджетное общеобразовательное учреждение \"Школа №42\" Приволжского района г,Казани Республики Татарстан"]
[39,"Московский район","Муниципальное бюджетное общеобразовательное учреждение «Средняя общеобразовательная школа №55 с углубленным изучением отдельных предметов» Московского района г.Казани","Мосунов","Д.","О.","М","нет",7,7,72.5,"",72.5,100,"Участник","Евдокимов  Андрей Викторович","МБОУ  \"Школа №55\" г,Казани Республики Татарстан"]
[40,"Приволжский район","Муниципальное бюджетное общеобразовательное учреждение «Татаро-английская гимназия №16» Приволжского района г. Казани","Артеменко","С.","А.","М","нет",7,7,72.17,"",72.17,100,"Участник","Аглиева  Ильвира Ильгизовна","Муниципальное  бюджетное общеобразовательное учреждение \"\"Татаро-анлийская гимназия № 16\" Приволжского района г,КазаниШкола №1000\" г,Казани"]
[41,"Вахитовский район","Муниципальное бюджетное общеобразовательное учреждение «Татарская гимназия №1 им.Г.Тукая» Вахитовского района г. Казани","Золин","С.","В.","М","нет",8,8,72.1,"",72.1,100,"Участник","Якупов  Руслан Мударрисович","МБОУ  \"Татарская гимназия №1 им, Г, Тукая\" Вахитовского района г, Казани"]
[42,"Московский район","Муниципальное бюджетное общеобразовательное учреждение «Гимназия №122 имени Ж.А. Зайцевой» Московского района г.Казани","Нигаматзянов","Р.","Р.","М","нет",7,7,71.39,"",71.39,100,"Участник","Вальтонов  Виктор Николаевич","МБОУ  \"Гимназия №122 имени Ж,А,Зайцевой\""]
[43,"Советский район","Муниципальное бюджетное общеобразовательное учреждение «Лицей №159» Советского района г. Казани","Мингарипов","Д.","Р.","М","нет",8,8,71.13,"",71.13,100,"Участник","Барлев  Виктор Александрович","Муниципальное  бюджетное общеобразовательное учреждение \"Лицей №159\" г,Казани Республики Татарстан"]
[44,"Вахитовский район","Муниципальное автономное общеобразовательное учреждение \"Лицей №131\" Вахитовского района г. Казани","Хафизов","А.","А.","М","Нет",8,8,71.03,"",71.03,100,"Участник","Сочнева  Татьяна Николаевна","МАОУ  \"Лицей №131\""]
[45,"Авиастроительный район","Муниципальное бюджетное общеобразовательное учреждение \"Средняя общеобразовательная школа  с углубленным изучением отдельных предметов №62\" Авиастроительного района г.Казани","Шамсахметов","В.","Л.","М","нет",7,7,71.01,"",71.01,100,"Участник","Афанасьев  Никита Владимирович","Муниципальное  бюджетное общеобразовательное учреждение \"Школа №62\" г,Казани Республики Татарстан"]
[46,"Вахитовский район","Государственное бюджетное общеобразовательное учреждение \"Казанская кадетская школа-интернат им. Героя Советского Союза Б.К. Кузнецова\"","Габдулхаков","И.","А.","М","нет",7,7,70.87,"",70.87,100,"Участник","Шамаев  Дмитрий Геннадьевич","ГБОУ  \"Казанская кадетская школа-инатернат им, Б,К, Кузнецова\""]
[47,"Вахитовский район","Муниципальное бюджетное общеобразовательное учреждение «Средняя общеобразовательная школа №51» Вахитовского района г. Казани","Фокеев","В.","А.","М","нет",8,8,70.72,"",70.72,100,"Участник","Шарафутдинов  Альберт Шамильевич","Муниципальное  бюджетное общеобразовательное учреждение \"Школа №51\" г,Казани Республики Татарстан"]
[48,"Приволжский район","Муниципальное бюджетное общеобразовательное учреждение \"Средняя общеобразовательная школа №127\" Приволжского района города Казани","Калашников","А.","А.","М","нет",7,7,70.35,"",70.35,100,"Участник","Рахимьянова  Лейсан Маратовна","Муниципальное  бюджетное общеобразовательное учреждение \"Школа №127\" г,Казани Республики Татарстан"]
[49,"Авиастроительный район","Муниципальное бюджетное общеобразовательное учреждение \"Средняя общеобразовательная школа №77\" Авиастроительного района г. Казани","Павлов","А.","Д.","М","нет",8,8,68.85,"",68.85,100,"Участник","Королев  Андрей Анатольевич","МБОу  \"Школа№77\""]
[50,"Ново-Савиновский район","Муниципальное бюджетное общеобразовательное учреждение «Гимназия №7 имени Героя России А.В.Козина» Ново-Савиновского района г.Казани. Школа-центр компетенции в электронном образовании","Габдуллин","Р.","А.","М","нет",6,7,68.81,"",68.81,100,"Участник","Рашитов  Наиль Шафкатович","Муниципальное  бюджетное общеобразовательное учреждение \"Гимназия 7 имени героя России А,В, Козина\" Ново-Савиновского района г,Казани Республики Татарстан"]
[51,"Московский район","Муниципальное бюджетное образовательное учреждение \"Гимназия №9\" Московского района г.Казани","Саламатов","Т.","А.","М","нет",8,8,68.78,"",68.78,100,"Участник","Зиновьева  Евгения Владимировна","МБОУ  \"Гимназия №9\""]
[52,"Приволжский район","Муниципальное бюджетное общеобразовательное учреждение «Лицей №83 - Центр образования» Приволжского района г. Казани","Валитов","С.","А.","М","нет",7,7,67.14,"",67.14,100,"Участник","Тамазашвили  Мария Андреевна","Муниципальное  бюджетное общеобразовательное учреждение «Лицей №83 - Центр образования» Приволжского района г, Казани"]
[53,"Приволжский район","Муниципальное бюджетное общеобразовательное учреждение «Средняя общеобразовательная школа №69» Приволжского района г. Казани Республики Татарстан","Сайфутдинов","Э.","И.","М","нет",7,7,66.14,"",66.14,100,"Участник","Еремина  Людмила Геннадьевна","Муниципальное  бюджетное общеобразовательное учреждение \"Средняя общеобразовательная школа №69 г,Казани Республики Татарстан"]
[54,"Московский район","Муниципальное бюджетное общеобразовательное учреждение «Татарская гимназия №2 имени Шигабутдина Марджани при Казанском Федеральном Университете» Московского района г.Казани","Ахметов","А.","И.","М","нет",8,8,65.7,"",65.7,100,"Участник","Хабибуллин  Баки Габдулхаевич","МБОУ  \"Татарская гимназия №2 при КФУ\""]
[55,"Кировский район","Муниципальное бюджетное общеобразовательное учреждение «Гимназия №50» Кировского района г. Казани","Родионов","А.","А.","М","нет",6,7,65.63,"",65.63,100,"Участник","Мычилкина  Зоя Дмитриевна","Муниципальное  бюджетное общеобразовательное учреждение \"Гимназия №50\" г,Казани Республики Татарстан"]
[56,"Приволжский район","Муниципальное бюджетное общеобразовательное учреждение «Средняя общеобразовательная школа №24 с углубленным изучением отдельных предметов» Приволжского района г. Казани","Зарипов","И.","Д.","М","нет",7,7,65.27,"",65.27,100,"Участник","Гайнуллин  Айдар Талгатович","Муниципальное  бюджетное общеобразовательное учреждение \"Средняя общеобразовательная школа №24 с углубленным изучением отдельных предметов\" Приволжского района г,Казани Республики Татарстан"]
[57,"Кировский район","Муниципальное бюджетное общеобразовательное учреждение \"Средняя общеобразовательная школа № 70 с углубленным изучением отдельных предметов\" Кировского района г.Казани","Власов","Е.","Д.","М","нет",8,8,65.01,"",65.01,100,"Участник","Семенова  Арина Владимировна","Муниципальное  бюджетное общеобразовательное учреждение \"Школа №70\" г,Казани Республики Татарстан"]
[58,"Приволжский район","Муниципальное бюджетное общеобразовательное учреждение \"Лицей № 35 - образовательный центр \"Галактика\" Приволжского района города Казани","Зарипов","А.","А.","М","нет",8,8,64.24,"",64.24,100,"Участник","Хузиахметова  Ирина Ильинична","Муниципальное  бюджетное общеобразовательное учреждение \"Лицей №35 - образовательный центр \"Галактика\" Приволжского района города Казани"]
[59,"Кировский район","Муниципальное Бюджетное Общеобразовательное Учреждение \"Средняя общеобразовательная школа №151 с углубленным изучением отдельных предметов\" Кировского района г.Казани","Баринов","Г.","Р.","М","нет",8,8,63.72,"",63.72,100,"Участник","Азизова  Гаухар Нурмухамбетовна","Муниципальное  бюджетное общеобразовательное учреждение «Средняя общеобразовательная школа №151 с углубленным изучением отдельных предметов» Кировского района города Казани"]
[60,"Вахитовский район","Муниципальное бюджетное общеобразовательное учреждение  «Гимназия №27 с татарским языком обучения» Вахитовского района г. Казани","Захаров","С.","И.","М","нет",8,8,61.87,"",61.87,100,"Участник","Абдуллин  Ильфат Талгатович","Муниципальное  бюджетное общеобразовательное учреждение «Гимназия №27 с татарским языком обучения» Вахитовского района г, Казани"]
[61,"Советский район","Муниципальное бюджетное общеобразовательное учреждение «Многопрофильный лицей №187» Советского района г.Казани","Губайдуллин","И.","Д.","М","нет",7,7,61.15,"",61.15,100,"Участник","Сафронов  Руслан Сергеевич","МБОУ  \"Многопрофильный лицей №187\""]
[62,"Ново-Савиновский район","МБОУ «Средняя  общеобразовательная школа №49» Ново-Савиновского района г. Казани","Иванов","С.","Д.","М","нет",8,8,60.22,"",60.22,100,"Участник","Сухарев  Игорь Александрович","Муниципальное  бюджетное общеобразовательное учреждение \"Школа №49\" г,Казани Республики Татарстан"]
[63,"Советский район","Муниципальное бюджетное общеобразовательное учреждение «Основная общеобразовательная школа №108» Советского района г. Казани","Мухаметзянов","А.","Р.","М","нет",7,7,52.83,"",52.83,100,"Участник","Вафина  Фагиля Бариевна","Муниципальное  бюджетное общеобразовательное учреждение \"Основная общеобразовательная школа №108\" г,Казани Республики Татарстан"]
[64,"Ново-Савиновский район","Специализированный учебный научный центр Инженерный лицей-интернат КНИТУ-КАИ","Шакиров","С.","Р.","М","нет",8,8,52.23,"",52.23,100,"Участник","Пестова  Алена Валерьевна","Инженерный  лицей-интернат КНИТУ-КАИ"]
[65,"Ново-Савиновский район","МБОУ «Средняя общеобразовательная школа № 9 с углубленным изучением английского языка» Ново-Савиновского района г.Казани","Новиков","Г.","Р.","М","нет",8,8,46.1,"",46.1,100,"Участник","Стариков  Андрей Иванович","МБОУ  \"Школа №9\" Ново-Савиновского района г,Казани"]
[66,"Советский район","МБОУ «Средняя общеобразовательная школа №84 с углубленным изучением иностранных языков» Советского района г. Казани","Батманов","Д.","К.","М","нет",8,8,44.2,"",44.2,100,"Участник","Яшина  Тамара Николаевна","Муниципальное  бюджетное общеобразовательное учреждение \"Школа № 84\" г,Казани Республики Татарстан"]
[67,"Вахитовский район","Автономная некоммерческая общеобразовательная организация \"Международная Школа Казани\"","Ахметов","К.","Л.","М","нет",7,7,43.86,"",43.86,100,"Участник","Варламов  Даниил Максимович","АНОО  \"Международная школа Казани\""]
[68,"Приволжский район","Муниципальное автономное общеобразовательное учреждение «Гимназия №139 - Центр образования» Приволжского района г. Казани","Акбиров","Э.","Р.","М","нет",8,8,38.03,"",38.03,100,"Участник","Галкин  Виктор Юрьевич","Муниципальное  автономное общеобразовательное учреждение \"Гимназия №139-Центр образования\" Приволжского района г,Казани"]
[69,"Приволжский район","Муниципальное бюджетное общеобразовательное учреждение «Средняя общеобразовательная школа №73» Приволжского района г.Казани","Ямилов","М.","Д.","М","нет",8,8,36.51,"",36.51,100,"Участник","Кривоногов  Артем Дмитриевич","Муниципальное  бюджетное общеобразовательное учреждение \"Школа №73\" г,Казани Республики Татарстан"]
[70,"Приволжский район","Муниципальное бюджетное общеобразовательное учреждение \"Гимназия №40\" Приволжского района г.Казани","Миндияров","Р.","Р.","М","нет",7,7,36.31,"",36.31,100,"Участник","Утятникова  Людмила Германовна","МБОУ  \"Гимназия №40\""]
[71,"Вахитовский район","МБОУ «Средняя общеобразовательная татарско-русская школа №80 с углубленным изучением отдельных предметов» Вахитовского района г. Казани","Ляндаев","Д.","А.","М","нет",8,8,35.01,"",35.01,100,"Участник","ФаткуллинФТ","МБОУ  Школа №80"]
[72,"Советский район","Муниципальное бюджетное общеобразовательное учреждение «Средняя общеобразовательная школа №156» Советского района г. Казани","Паршин","Г.","А.","М","нет",7,7,34.26,"",34.26,100,"Участник","Надежин  С,В,","МБОУ  \"СОШ № 156\""]
[73,"Приволжский район","Муниципальное бюджетное общеобразовательное учреждение «Средняя общеобразовательная школа №100 - Центр образования» Приволжского района г.Казани","Сафиуллин","Р.","Р.","М","нет",8,8,32.85,"",32.85,100,"Участник","Якупов  Ильмир Ильсурович","МБОУ   \"Школа №100 - Центр образования\" Приволжского района г, Казани"]
[74,"Вахитовский район","Муниципальное автономное общеобразовательное учреждение «Средняя общеобразовательная школа №18 с углубленным изучением английского языка» Вахитовского района г. Казани","Хабибуллин","Т.","Р.","М","нет",7,7,31.79,"",31.79,100,"Участник","Мингазов  Р,И,","МАОУ  \"Школа №18\""]
[75,"Советский район","Муниципальное бюджетное общеобразовательное учреждение «Многопрофильная полилингвальная гимназия №180» Советского района г.Казани","Петров","М.","А.","М","нет",8,8,31.77,"",31.77,100,"Участник","Яшина  Людмила Анатольевна","Муниципальное  бюджетное общеобразовательное учреждение \"МПГ №180\" г,Казани Республики Татарстан"]
[76,"Московский район","Муниципальное бюджетное образовательное учреждение «Средняя общеобразовательная татарско-русская школа №34» Московского района г. Казани","Зинатуллин","А.","А.","М","нет",8,8,31.28,"",31.28,100,"Участник","Багаутдинов  Ильдар Зияфович","МБОУ  \"Средняя общеобразовательная татарско-русская школа №34\" Московского района г,Казани"]
[77,"Московский район","Муниципальное бюджетное общеобразовательное учреждение «Гимназия №20 \"Гармония\"» Московского района г. Казани","Миннахметов","Т.","А.","М","нет",8,8,17.93,"",17.93,100,"Участник","Патрин  АлексейАндреевич","Муниципальное  бюджетное общеобразовательное учреждение \"Гимназия №20\"Гармония\" Московского района г,Казани\""]
[78,"Авиастроительный район","Муниципальное бюджетное общеобразовательное учреждение \"Лицей №145\" Авиастроительного района г. Казани","Шнякин","Я.","В.","М","нет",8,8,14.27,"",14.27,100,"Участник","Семагин  Александр Алексеевич","Муниципальное  бюджетное общеобразовательное учреждение \"Лицей №145\" г,Казани Республики Татарстан"]
[79,"Ново-Савиновский район","Муниципальное бюджетное общеобразовательное учреждение «Лицей №23» Ново-Савиновского района г.Казани","Амирханов","Э.","Ф.","М","нет",8,8,13.9,"",13.9,100,"Участник","Мамлютова  Алина Сергеевна","Муниципальное  бюджетное общеобразовательное учреждение \"Лицей №23\" Ново - Савиновского района г,Казани"]
[80,"Вахитовский район","МБОУ \"Гимназия №96\" Вахитовского района г. Казани","Гизатуллин","Р.","Р.","М","нет",8,8,11.71,"",11.71,100,"Участник","Файсханов  Рузиль Ринатович","МБОУ  \"Гимназия № 96\" Вахитовского района г, Казани"]
[81,"Вахитовский район","Государственное бюджетное общеобразовательное учреждение \"Казанская кадетская школа-интернат им. Героя Советского Союза Б.К. Кузнецова\"","Гилязов","И.","Н.","М","нет",7,7,11.71,"",11.71,100,"Участник","Шамаев  Дмитрий Геннадьевич","ГБОУ  \"Казанская кадетская школа-инатернат им, Б,К, Кузнецова\""]
[82,"Авиастроительный район","Муниципальное бюджетное общеобразовательное учреждение «Гимназия №33» Авиастроительного района г. Казани","Бадрутдинов","К.","М.","М","нет",7,7,9.51,"",9.51,100,"Участник","Крымов  Н,Е,","МБОУ  \" Гимназия №33\""]
[83,"Вахитовский район","Государственное бюджетное общеобразовательное учреждение \"Казанская кадетская школа-интернат им. Героя Советского Союза Б.К. Кузнецова\"","Якубов","Т.","Р.","М","нет",8,8,9.51,"",9.51,100,"Участник","Камалиев  Талгат Фаргатович","ГБОУ  \"Казанская кадетская школа-интернат им, Б,К, Кузнецова\""]
[84,"Приволжский район","МБОУ «Русско-татарская средняя общеобразовательная школа №129» Приволжского района г. Казани","Хайрутдинов","И.","Р.","М","нет",8,8,6.95,"",6.95,100,"Участник","Хабибуллин  Равкат Якубочич","МБОУ  \"Школа №129\" г,Казани Республики Татарстан"]
[85,"Ново-Савиновский район","Муниципальное бюджетное общеобразовательное учреждение \"Средняя общеобразовательная татарско-русская школа №71 с углубленным изучением отдельных предметов\" Ново-Савиновского района города Казани","Поздняков","Я.","А.","М","нет",8,8,5.85,"",5.85,100,"Участник","Мухаметшин  Азат Газизович","Муниципальное  бюджетное общеобразовательное учреждение \"Средняя общеобразовательная татарско-русская школа №71 с углубленным изучением отдельных предметов\" Ново-Савиновского района города Казани"]
[86,"Советский район","Муниципальное бюджетное общеобразовательное учреждение «Средняя общеобразовательная школа №144 с углубленным изучением отдельных предметов» Советского района г. Казани","Хайбуллин","Р.","С.","М","нет",8,8,3.66,"",3.66,100,"Участник","Гашев  Сергей Борисович","Муниципальное  бюджетное общеобразовательное учреждение \"Школа №144\" Советского района г,Казани"]
[87,"Приволжский район","Муниципальное автономное общеобразовательное учреждение «Гимназия №19» Приволжского района г. Казани","Хафизова","Р.","И.","Ж","нет",8,8,91.68,"",91.68,100,"Победитель","Зиятдинов  Вадим Ринатович","Муниципальное  автономное общеобразовательное учреждение \"Гимназия №19\" Приволжского района г.Казани Республики Татарстан"]
[88,"Советский район","Муниципальное бюджетное общеобразовательное учреждение «Средняя общеобразовательная школа №86 с углубленным изучением отдельных предметов» Советского района г. Казани","Шкулетич","Н.","Р.","Ж","Нет",7,7,90.81,"",90.81,100,"Победитель","Киямов  Айнур Айратович","Муниципальное  бюджетное общеобразовательное учреждение \"Cредняя общеобразовательная школа №86 с углубленным изучением отдельных предметов\"Советского района г.Казани"]
[89,"Приволжский район","МБОУ «Средняя общеобразовательная школа №82 с углубленным изучением отдельных предметов им.Р.Г.Хасановой» Приволжского района г. Казани","Халикова","Р.","Д.","Ж","нет",6,8,90.72,"",90.72,100,"Победитель","Хабиров  РафикРафаэльевич","Муниципальное  бюджетное общеобразовательное учреждение \"Средняя общеобразовательная школа № 82 с углубленным изучением отдельных предметов им.Р.Г.Хасановой\""]
[90,"Приволжский район","Муниципальное автономное общеобразовательное учреждение «Гимназия №19» Приволжского района г. Казани","Гатауллина","К.","И.","Ж","нет",8,8,89.54,"",89.54,100,"Призер","Зиятдинов  ВадимРинатович","МАОУ  \"Гимназия №19\""]
[91,"Кировский район","Муниципальное бюджетное общеобразовательное учреждение \"Политехнический лицей №182\" Кировского района г.Казани","Беглова","А.","Д.","Ж","нет",8,8,87.96,"",87.96,100,"Призер","Каргин  АлександрСергеевич","МБОУ  \"Политехнический лицей № 182\""]
[92,"Советский район","Муниципальное бюджетное общеобразовательное учреждение «Многопрофильный лицей №185» Советского района г.Казани","Салахова","А.","Р.","Ж","нет",8,8,86.75,"",86.75,100,"Призер","Бикмуллин  Динар Мунирович","Муниципальное  бюджетное общеобразовательное учреждение \"Многопрофильный лицей № 185\" г.Казани Республики Татарстан"]
[93,"Ново-Савиновский район","МБОУ «Средняя общеобразовательная школа №170 с углублённым изучением отдельных предметов» Ново-Савиновского района г. Казани","Гимадова","Я.","А.","Ж","нет",5,7,86.47,"",86.47,100,"Призер","Саппарова  Александра Юрьевна","Муниципальное  бюджетное общеобразовательное учреждение \"Школа №170\" г.Казани Республики Татарстан"]
[94,"Ново-Савиновский район","Муниципальное бюджетное общеобразовательное учреждение «Средняя общеобразовательная татарско – русская школа №113 с углубленным изучением отдельных предметов им. Героя России М.Р. Ахметшина» Ново-Савиновского района г. Казани","Гаязова","К.","Р.","Ж","нет",7,8,86.17,"",86.17,100,"Призер","Рыжов  АлександрВасильевич","Муниципальное  бюджетное общеобразовательное учреждение \"Средняя общеобразовательная татарско-русская школа №113 с углубленным изучением отдельных предметов имени Героя России М.Р.Ахметшина\" Ново-Савиновского района г. Казани\""]
[95,"Советский район","Муниципальное бюджетное общеобразовательное учреждение «Гимназия №125» Советского района г. Казани","Мухаметшина","Э.","И.","Ж","нет",8,8,85.84,"",85.84,100,"Призер","Мушарапов  Салават Ирекович","Муниципальное  бюджетное общеобразовательное учреждение \"Гимназия №125\" г. Казани Республики Татарстан"]
[96,"Приволжский район","Муниципальное автономное общеобразовательное учреждение «Гимназия №19» Приволжского района г. Казани","Латыпова","К.","И.","Ж","нет",8,8,85.77,"",85.77,100,"Призер","Зиятдинов  Вадим Ринатович","Муниципальное  автономное общеобразовательное учреждение \"Гимназия №19\" Приволжского района г.Казани Республики Татарстан"]
[97,"Ново-Савиновский район","Муниципальное бюджетное общеобразовательное учреждение «Средняя общеобразовательная татарско – русская школа №113 с углубленным изучением отдельных предметов им. Героя России М.Р. Ахметшина» Ново-Савиновского района г. Казани","Павлова","П.","Р.","Ж","нет",8,8,85.52,"",85.52,100,"Призер","Рыжов  АлександрВасильевич","Муниципальное  бюджетное общеобразовательное учреждение \"Средняя общеобразовательная татарско-русская школа №113 с углубленным изучением отдельных предметов имени Героя России М.Р.Ахметшина\" Ново-Савиновского района г. Казани\""]
[98,"Ново-Савиновский район","МБОУ «Средняя общеобразовательная школа №132 с углубленным изучением иностранных языков» Ново-Савиновского района г. Казани","Гиниятова","К.","Р.","Ж","нет",7,7,84.29,"",84.29,100,"Призер","Хубатуллина  А.И","МБОУ  «Школа № 132»"]
[99,"Ново-Савиновский район","Специализированный учебный научный центр Инженерный лицей-интернат КНИТУ-КАИ","Королева","А.","В.","Ж","нет",6,7,83.61,"",83.61,100,"Призер","Пестова  Алена Валерьевна","Инженерный  лицей-интернат КНИТУ-КАИ"]
[100,"Авиастроительный район","МБОУ \"Средняя общеобразовательная русско-татарская школа №147\" Авиастроительного района г. Казани","Галимулина","А.","Н.","Ж","нет",8,8,82.32,"",82.32,100,"Призер","Яшина  Екатерина Юрьевна","Муниципальное  бюджетное общеобразовательное учреждение \"Школа № 147\" г.Казани Республики Татарстан"]
[101,"Советский район","Муниципальное бюджетное общеобразовательное учреждение «Гимназия №93»  Советского района г.Казани","Жукова","С.","А.","Ж","нет",7,8,82.01,"",82.01,100,"Призер","Баранов  Максим Викторович","МБОУ  \"Гимназия №93\" Советского района г.Казани"]
[102,"Авиастроительный район","Муниципальное бюджетное общеобразовательное учреждение \"Гимназия №10\" Авиастроительного района г.Казани","Макулова","Э.","И.","Ж","нет",7,7,81.37,"",81.37,100,"Призер","Мубаракшина  Ф.М.","Муниципальное  бюджетное общеобразовательное учреждение \"Гимназия №10\" Авиастроительного района г. Казани"]
[103,"Авиастроительный район","Муниципальное бюджетное общеобразовательное учреждение «Гимназия №33» Авиастроительного района г. Казани","Маланьева","Ю.","В.","Ж","нет",7,7,81.32,"",81.32,100,"Призер","Аввакумова  Е.В.","МБОУ  \" Гимназия №33\""]
[104,"Приволжский район","Муниципальное бюджетное общеобразовательное учреждение «Лицей №83 - Центр образования» Приволжского района г. Казани","Шарипова","А.","Ф.","Ж","нет",8,8,80.9,"",80.9,100,"Призер","Новикова  ЭльвираГермановна","Муниципальное  бюджетное общеобразовательное учреждение \"Лицей №83 - Центр образования\""]
[105,"Советский район","МБОУ «Средняя общеобразовательная школа №72 с углубленным изучением немецкого языка» Советского района г. Казани","Моисеева","Е.","А.","Ж","нет",8,8,80.88,"",80.88,100,"Призер","Яковлева  Марина Александровна","Муниципальное  бюджетное общеобразовательное учреждение \"Школа №72\" г.Казани Республики Татарстан"]
[106,"Приволжский район","Муниципальное бюджетное общеобразовательное учреждение «Гимназия №21» Приволжского района г. Казани","Чеснокова","М.","К.","Ж","нет",7,7,80.78,"",80.78,100,"Призер","Хафизов  Ильшат Исхакович","МБОУ  \"Гимназия №21\""]
[107,"Приволжский район","МБОУ «Татарско-русская средняя общеобразовательная школа №68 с углублённым изучением отдельных предметов» Приволжского района г. Казани","Мифтахова","А.","Р.","Ж","нет",8,8,79.64,"",79.64,100,"Призер","Хуртов  СергейГеннадьевич","Муниципальное  бюджетное общеобразовательное учреждение \"Татарско-русская средняя общеобразовательная школа №68 с углубленным изучением отдельных предметов\""]
[108,"Приволжский район","Муниципальное бюджетное общеобразовательное учреждение «Лицей №83 - Центр образования» Приволжского района г. Казани","Королева","Е.","Г.","Ж","нет",7,7,79.53,"",79.53,100,"Призер","Тамазашвили  Мария Андреевна","Муниципальное  бюджетное общеобразовательное учреждение «Лицей №83 - Центр образования» Приволжского района г. Казани"]
[109,"Московский район","Муниципальное бюджетное общеобразовательное учреждение «Гимназия №75» Московского района г.Казани","Ханова","К.","Е.","Ж","нет",8,8,79.37,"",79.37,100,"Призер","Толометова  Э. Ф.","Муниципальное  бюджетное общеобразовательное учреждение \"Гимназия №75\" г.Казани Республики Татарстан"]
[110,"Кировский район","Муниципальное автономное общеобразовательное учреждение «Гимназия-интернат №4» Кировского района г.Казани","Муртазина","Ч.","Р.","Ж","нет",8,8,79.28,"",79.28,100,"Призер","Ермакова  Валентина Александровна","МАОУ  \"Гимназия-интернат №4\" г.Казани"]
[111,"Московский район","МУНИЦИПАЛЬНОЕ БЮДЖЕТНОЕ ОБЩЕОБРАЗОВАТЕЛЬНОЕ УЧРЕЖДЕНИЕ \"Средняя общеобразовательная школа №99\" Московского района г. Казани","Ваняшина","А.","Э.","Ж","нет",7,7,79.25,"",79.25,100,"Призер","Садертдинова  Миляуша Магсумовна","Муниципальное  бюджетное общеобразовательное учреждение \"Школа №99\" г.Казани Республики Татарстан"]
[112,"Ново-Савиновский район","Муниципальное бюджетное общеобразовательное учреждение «Гимназия №7 имени Героя России А.В.Козина» Ново-Савиновского района г.Казани. Школа-центр компетенции в электронном образовании","Раимова","С.","Т.","Ж","нет",6,7,78.59,"",78.59,100,"Призер","Рашитов  Наиль шафкатович","Муниципальное  бюджетное общеобразовательное учреждение \"Гимназия 7 имени героя России А.В. Козина\" Ново-Савиновского района г.Казани Республики Татарстан"]
[113,"Советский район","Муниципальное бюджетное общеобразовательное учреждение «Многопрофильная полилингвальная гимназия №180» Советского района г.Казани","Ахтамова","Э.","И.","Ж","нет",8,8,78.04,"",78.04,100,"Призер","Куманина  Роза Рамильевна","Муниципальное  бюджетное общеобразовательное учреждение \"МПГ №180\" г.Казани Республики Татарстан"]
[114,"Советский район","МБОУ «Средняя общеобразовательная школа №171 с углубленным изучением отдельных предметов» Советского района г. Казани (Школа - центр компетенции в электронном образовании)","Минебаева","Д.","Р.","Ж","нет",7,7,77.93,"",77.93,100,"Призер","Абузяров  Альфис Асфирович","Муниципальное  бюджетное общеобразовательное учреждение \"Школа №171\" Советского района г.Казани"]
[115,"Советский район","МБОУ «Средняя общеобразовательная школа №84 с углубленным изучением иностранных языков» Советского района г. Казани","Корюгина","А.","А.","Ж","нет",8,8,76.69,"",76.69,100,"Призер","Яшина  ТамараНиколаевна","Муниципальное  бюджетное общеобразовательное учреждение \"Средняя общеобразовательная школа № 84 с углубленным изучением иностранных языков\" Советского района г. Казани\""]
[116,"Авиастроительный район","Муниципальное бюджетное общеобразовательное учреждение \"Средняя общеобразовательная школа  с углубленным изучением отдельных предметов №62\" Авиастроительного района г.Казани","Хайрутдинова","А.","И.","Ж","нет",8,8,75.56,"",75.56,100,"Призер","Косова  Любовь Николаевна","Муниципальное  бюджетное общеобразовательное учреждение \"Школа №62\" г.Казани Республики Татарстан"]
[117,"Московский район","Муниципальное бюджетное общеобразовательное учреждение «Гимназия №75» Московского района г.Казани","Мышева","У.","Е.","Ж","нет",8,8,75.52,"",75.52,100,"Призер","Толометова  ЭльвираФлитовна","Муниципальное  бюджетное общеобразовательное учреждение \"Гимназия № 75\" Московского района г. Казани\""]
[118,"Ново-Савиновский район","МБОУ «Средняя общеобразовательная школа №85 с углубленным изучением отдельных предметов» Ново-Савиновского района г. Казани","Байрамова","К.","Р.","Ж","нет",8,8,75.37,"",75.37,100,"Призер","Хабибрахманов  Булат Габдрахманович","Муниципальное  бюджетное общеобразовательное учреждение \"Школа №85\" г.Казани Республики Татарстан"]
[119,"Советский район","Муниципальное автономное общеобразовательное учреждение «Многопрофильный лицей №11» Советского района г.Казани","Филипова","Л.","П.","Ж","нет",8,8,75.32,"",75.32,100,"Призер","Карамутдинов  Руслан Расимович","Муниципальное  автономное общеобразовательное учреждение \"Многопрофильный лицей №11\" Советского района г.Казани"]
[120,"Советский район","Муниципальное бюджетное общеобразовательное учреждение «Гимназия № 183» Советского района г.Казани","Валиахметова","М.","И.","Ж","нет",8,8,75.24,"",75.24,100,"Призер","Валиахметов  Ильшат Гайсович","Муниципальное  бюджетное общеобразовательное учреждение \"Гимназия №183\" г.Казани"]
[121,"Московский район","Муниципальное бюджетное общеобразовательное учреждение «Гимназия №12 с татарским языком обучения имени Ф. Г. Аитовой» Московского района г. Казани","Каюмова","И.","И.","Ж","нет",7,7,75.11,"",75.11,100,"Призер","Ибрагимова  Резеда Гумеровна","Муниципальное  бюджетное общеобразовательное учреждение \"Гимназия №12 имени Ф.Г.Аитовой\" Московского района г.Казани Республики Татарстан"]
[122,"Советский район","Муниципальное бюджетное общеобразовательное учреждение «Гимназия № 183» Советского района г.Казани","Габдрахманова","И.","Л.","Ж","нет",8,8,74.95,"",74.95,100,"Призер","Валиахметов  ИльшатГайсович","Муниципальное  бюджетное общеобразовательное учреждение «Гимназия № 183» Советского района г.Казани"]
[123,"Авиастроительный район","Муниципальное бюджетное общеобразовательное учреждение \"Средняя общеобразовательная школа №77\" Авиастроительного района г. Казани","Першакова","Д.","А.","Ж","нет",8,8,74.88,"",74.88,100,"Участник","Королев  Андрей Анатольевич","МБОУ  \"Школа№77\""]
[124,"Московский район","Муниципальное бюджетное общеобразовательное учреждение «Гимназия №94» Московского района г. Казани","Копп","А.","О.","Ж","нет",7,7,74.79,"",74.79,100,"Участник","Павлов  Андрей Игоревич","Муниципальное  бюджетное общеобразовательное учреждение \"Гимназия №94\" г.Казани Республики Татарстан"]
[125,"Ново-Савиновский район","МБОУ «Средняя общеобразовательная школа №89 с углубленным изучением отдельных предметов» Ново-Савиновского района г.Казани","Габдулхаева","А.","И.","Ж","нет",7,7,74.07,"",74.07,100,"Участник","Страдаева  Марина Владимировна","МБОУ  \"Школа №89\""]
[126,"Советский район","Муниципальное бюджетное общеобразовательное учреждение «Лицей №159» Советского района г. Казани","Константинова","К.","В.","Ж","нет",7,8,73.9,"",73.9,100,"Участник","Гильманов  Алмаз Ринатович","Муниципальное  бюджетное общеобразовательное учреждение \"Лицей №159\" г.Казани Республики Татарстан"]
[127,"Советский район","Муниципальное бюджетное общеобразовательное учреждение «Гимназия №8- Центр образования» Советского района г. Казани","Ибрагимова","Р.","А.","Ж","нет",8,8,72.93,"",72.93,100,"Участник","Корнеева  Наталья Алексеевна","МБОУ  \"Гимназия №8-ЦО\"Советского района г.Казани Республики Татарстан"]
[128,"Приволжский район","Муниципальное бюджетное общеобразовательное учреждение «Татаро-английская гимназия №16» Приволжского района г. Казани","Сафина","С.","Д.","Ж","нет",7,7,72.88,"",72.88,100,"Участник","Аглиева  Ильвира Ильгизовна","Муниципальное  бюджетное общеобразовательное учреждение \"\"Татаро-анлийская гимназия № 16\" Приволжского района г.КазаниШкола №1000\" г.Казани"]
[129,"Ново-Савиновский район","МБОУ «Средняя общеобразовательная школа № 9 с углубленным изучением английского языка» Ново-Савиновского района г.Казани","Мухаметзянова","Р.","А.","Ж","нет",8,8,71.76,"",71.76,100,"Участник","Зарипов  Зуфар Зиннурович","МБОУ  \"Школа №9\" Ново-Савиновского района г.Казани"]
[130,"Приволжский район","Муниципальное автономное общеобразовательное учреждение «Гимназия №139 - Центр образования» Приволжского района г. Казани","Трошина","Е.","Д.","Ж","нет",8,8,71.41,"",71.41,100,"Участник","Галкин  Виктор Юрьевич","Муниципальное  автономное общеобразовательное учреждение \"Гимназия №139-Центр образования\" Приволжского района г.Казани"]
[131,"Приволжский район","Муниципальное бюджетное общеобразовательное учреждение «Средняя общеобразовательная школа №69» Приволжского района г. Казани Республики Татарстан","Заббарова","М.","Р.","Ж","нет",8,8,70.16,"",70.16,100,"Участник","Еремина  Людмила Геннадьевна","Муниципальное  бюджетное общеобразовательное учреждение \"Средняя общеобразовательная школа №69 г.Казани Республики Татарстан"]
[132,"Вахитовский район","Муниципальное автономное общеобразовательное учреждение для детей, проявивших выдающиеся способности «Средняя общеобразовательная школа-интернат «Специализированный олимпиадно-научный центр «СОлНЦе» Вахитовского района г. Казани","Хабибуллина","Д.","Х.","Ж","нет",6,7,69.95,"",69.95,100,"Участник","Мифтахов  Ильдус Юнусович","МАОУ  СОШИ \"СОлНЦе\""]
[133,"Кировский район","Муниципальное бюджетное общеобразовательное учреждение  \"Военно-патриотический образовательный центр – школа №67 имени Анатолия Ивановича Чехова\" Кировского района г.Казани","Лискова","Ю.","М.","Ж","нет",7,7,69.78,"",69.78,100,"Участник","Муртазин  Ильгизар Исмагилович","Муниципальное  бюджетное общеобразовательное учреждение \"ВПОЦ-Школа №67\" Кироского района г.Казани Республики Татарстан"]
[134,"Кировский район","Муниципальное бюджетное общеобразовательное учреждение  \"Русско-татарская средняя общеобразовательная школа №81 с углубленным изучением отдельных предметов имени В.А.Григорьева\" Кировского района г. Казани","Фазулзянова","С.","И.","Ж","нет",7,7,69.28,"",69.28,100,"Участник","Рябова  Анна Владимировна","Муниципальное  бюджетное общеобразовательное учреждение \"Русско-татарская средняя общеобразовательная школа №81 с углубленным изучением отдельных предметов имени В.А. Григорьева\" Кировского района г. Казани"]
[135,"Кировский район","Муниципальное бюджетное общеобразовательное учреждение \"Средняя общеобразовательная школа №135 с  углубленным изучением отдельных предметов\" Кировского района г. Казани","Стеценко","П.","Д.","Ж","нет",8,8,69.23,"",69.23,100,"Участник","Домрачева  Татьяна Викторовна","МБОУ  \"Школа № 135 г. Казани\""]
[136,"Советский район","Муниципальное бюджетное общеобразовательное учреждение «Гимназия №175» Советского района г. Казани","Ларионова","Д.","Е.","Ж","нет",8,8,69.19,"",69.19,100,"Участник","Лекомцев  Даниил Федорвич","Муниципальное  бюджетное общеобразовательное учреждение \"Гимназия №175\" Советского района г.Казани Республики Татарстан"]
[137,"Ново-Савиновский район","Муниципальное автономное общеобразовательное учреждение «Лицей №146 \"Ресурс\"» Ново-Савиновского района г. Казани","Файзрахманова","Ж.","А.","Ж","нет",7,7,69.13,"",69.13,100,"Участник","Белянин  А.А","Муниципальное  автономное общеобразовательное учреждение «Лицей №146 \"Ресурс\"» Ново-Савиновского района г. Казани"]
[138,"Московский район","Муниципальное бюджетное образовательное учреждение \"Гимназия №9\" Московского района г.Казани","Севрюгина","С.","И.","Ж","нет",7,7,68.73,"",68.73,100,"Участник","Матросова  Светлана Львовна","МБОУ  \"Гимназия №9\""]
[139,"Приволжский район","Муниципальное бюджетное общеобразовательное учреждение \"Лицей № 35 - образовательный центр \"Галактика\" Приволжского района города Казани","Моткова","Е.","И.","Ж","нет",7,7,68.65,"",68.65,100,"Участник","Софьин  Никита Игоревич","Муниципальное  бюджетное общеобразовательное учреждение \"Лицей №35 - образовательный центр \"Галактика\" Приволжского района города Казани"]
[140,"Авиастроительный район","Муниципальное бюджетное общеобразовательное учреждение \"Средняя общеобразовательная школа №60\" Авиастроительного района г. Казани","Жакыпова","Я.","К.","Ж","нет",8,8,68.59,"",68.59,100,"Участник","Семагина  Светлана Владимировна","МБОУ  \"Школа №60\""]
[141,"Советский район","Муниципальное автономное общеобразовательное учреждение \"Гимназия №141\" Советского района г.Казани","Чертищева","Е.","Д.","Ж","нет",7,7,68.56,"",68.56,100,"Участник","Гонголев  Вячеслав Геннадьевич","Муниципальное  автономное общеобразовательное учреждение \"Гимназия 141\""]
[142,"Авиастроительный район","Муниципальное бюджетное общеобразовательное учреждение \"Лицей №145\" Авиастроительного района г. Казани","Новикова","А.","И.","Ж","нет",8,8,68.26,"",68.26,100,"Участник","Семагин  Александр Алексеевич","Муниципальное  бюджетное общеобразовательное учреждение \"Лицей №145\" г.Казани Республики Татарстан"]
[143,"Вахитовский район","Муниципальное бюджетное образовательное учреждение \"Средняя общеобразовательная школа №98 (татарско-русская)\"  Вахитовского  района г. Казани","Дебердиева","А.","Р.","Ж","нет",8,8,68.09,"",68.09,100,"Участник","Сагдатуллин  Габбас Бариевич","МБОУ  \"Школа №98\""]
[144,"Кировский район","Муниципальное бюджетное общеобразовательное учреждение \"Средняя общеобразовательная школа № 70 с углубленным изучением отдельных предметов\" Кировского района г.Казани","Рыжкевич","В.","Г.","Ж","нет",6,8,67.5,"",67.5,100,"Участник","Власова  Алла Владимировна","Муниципальное  бюджетное общеобразовательное учреждение \"Школа №70\" г.Казани Республики Татарстан"]
[145,"Ново-Савиновский район","Муниципальное бюджетное общеобразовательное учреждение \"Лицей № 177\" Ново-Савиновского района г. Казани","Прокофьева","В.","А.","Ж","нет",7,7,67.43,"",67.43,100,"Участник","Валиев  Марсель Мидхатович","МБОУ  \"Лицей№177\""]
[146,"Приволжский район","Муниципальное бюджетное общеобразовательное учреждение «Многопрофильный лицей №186 - «Перспектива» Приволжского района г.Казани","Шайхаттарова","Л.","Ф.","Ж","нет",8,8,66.33,"",66.33,100,"Участник","Сабирзянов  Рустем Нагимуллович","Муниципальное  бюджетное общеобразовательное учреждение \"Многопрофильный лицей № 186 - \"Перспектива\" Приволжского района г.Казани"]
[147,"Советский район","Муниципальное бюджетное общеобразовательное учреждение \"Средняя общеобразовательная школа № 169\" Советского района г. Казани","Аюпова","А.","С.","Ж","нет",8,8,66.2,"",66.2,100,"Участник","Беляева  Екатерина Павловна","МБОУ  \"Школа № 169\" Советского района г. Казани РТ"]
[148,"Советский район","МБОУ «Средняя общеобразовательная школа №84 с углубленным изучением иностранных языков» Советского района г. Казани","Пискунова","А.","А.","Ж","нет",7,7,65.56,"",65.56,100,"Участник","Степанов  Александр Иванович","Муниципальное  бюджетное общеобразовательное учреждение \"Школа № 84\" г.Казани Республики Татарстан"]
[149,"Приволжский район","Муниципальное бюджетное общеобразовательное учреждение «Средняя общеобразовательная школа №24 с углубленным изучением отдельных предметов» Приволжского района г. Казани","Валеева","А.","В.","Ж","нет",8,8,65.11,"",65.11,100,"Участник","Лукьянов  Алексей Юрьевич","Муниципальное  бюджетное общеобразовательное учреждение \"Средняя общеобразовательная школа №24 с углубленным изучением отдельных предметов\" Приволжского района г.Казани Республики Татарстан"]
[150,"Авиастроительный район","Муниципальное бюджетное общеобразовательное учреждение \"Средняя общеобразовательная школа № 54 с углубленным изучением отдельных предметов\" Авиастроительного района  г. Казани","Гафурова","К.","М.","Ж","нет",7,7,64.97,"",64.97,100,"Участник","Сафин  Ильдар Гусманович","МБОУ  \"Школа № 54\""]
[151,"Советский район","Муниципальное бюджетное общеобразовательное учреждение «Средняя общеобразовательная школа №101 имени П.А. Полушкина - Центр образования » Советского района г. Казани","Сызранова","А.","А.","Ж","нет",8,8,64.77,"",64.77,100,"Участник","Ермакова  Надежда Егоровна","Муниципальное  бюджетное общеобразовательное учреждение \"Школа №101 имени П. А. Полушкина - Центр образования\" Советского района г.Казани"]
[152,"Приволжский район","МБОУ «Русско-татарская средняя общеобразовательная школа №136» Приволжского района города Казани","Орлова","С.","В.","Ж","нет",7,8,64.63,"",64.63,100,"Участник","Корнетов  Вячеслав Владимирович","Муниципальное  бюджетное общеобразовательное учреждение \"Школа №136\" г.Казани Республики Татарстан"]
[153,"Советский район","Муниципальное бюджетное общеобразовательное учреждение «Гимназия №175» Советского района г. Казани","Глебова","Ю.","Е.","Ж","нет",8,8,64.53,"",64.53,100,"Участник","Лекомцев  ДаниилФедорович","Муниципальное  бюджетное общеобразовательное учреждение \"Гимназия №175\" Советского района г.Казани"]
[154,"Советский район","МБОУ «Гимназия № 174» Советского района г. Казани","Алексеева","А.","Р.","Ж","нет",8,8,63.53,"",63.53,100,"Участник","Гильфанетдинов  И.Т.","Муниципальное  бюджетное общеобразовательное учреждение \"Гимназия №174\"г.Казани Республики Татарстан"]
[155,"Кировский район","Муниципальное бюджетное общеобразовательное учреждение «Гимназия №50» Кировского района г. Казани","Пронина","А.","Е.","Ж","нет",6,7,62.96,"",62.96,100,"Участник","Мычилкина  Зоя Дмитриевна","Муниципальное  бюджетное общеобразовательное учреждение \"Гимназия №50\" г.Казани Республики Татарстан"]
[156,"Московский район","Муниципальное бюджетное образовательное учреждение «Средняя общеобразовательная татарско-русская школа №34» Московского района г. Казани","Титова","С.","С.","Ж","нет",8,8,61.7,"",61.7,100,"Участник","Багаутдинов  Ильдар Зияфович","МБОУ  \"Средняя общеобразовательная татарско-русская школа №34\" Московского района г.Казани"]
[157,"Вахитовский район","Муниципальное бюджетное общеобразовательное учреждение «Лицей №116 имени Героя Советского Союза А.С.Умеркина»  Вахитовского района г. Казани","Гисматова","Э.","Д.","Ж","нет",8,8,61.68,"",61.68,100,"Участник","Садретдинов  Марат Ревмирович","Муниципальное  бюджетное общеобразовательное учреждение «Лицей №116 имени Героя Советского Союза А.С.Умеркина» Вахитовского ра"]
[158,"Московский район","Муниципальное бюджетное общеобразовательное учреждение «Средняя общеобразовательная татарско-русская школа №65 с углубленным изучением отдельных предметов» Московского района г. Казани","Вафина","А.","Р.","Ж","нет",7,7,59.33,"",59.33,100,"Участник","Половников  Валерий Николаевич","Муниципальное  бюджетное общеобразовательное учреждение «Средняя общеобразовательная татарско-русская школа №65 с углубленным изучением отдельных предметов» Московского района г. Казани"]
[159,"Кировский район","Муниципальное бюджетное общеобразовательное учреждение «Многопрофильный лицей №188» Кировского района г. Казани","Шайдулина","А.","М.","Ж","нет",7,7,58.4,"",58.4,100,"Участник","Лебедев  Иван Сергеевич","Муниципальное  бюджетное общеобразовательное учреждение \"Лицей Бионика №188\" г.Казани Республики Татарстан"]
[160,"Приволжский район","Муниципальное бюджетное общеобразовательное учреждение «Средняя общеобразовательная школа №100 - Центр образования» Приволжского района г.Казани","Владимирова","Л.","А.","Ж","нет",8,8,55.83,"",55.83,100,"Участник","Якупов  Ильмир Ильсурович","МБОУ   \"Школа №100 - Центр образования\" Приволжского района г. Казани"]
[161,"Вахитовский район","Автономная некоммерческая общеобразовательная организация \"Международная Школа Казани\"","Калинкина","У.","Д.","Ж","нет",7,7,54.07,"",54.07,100,"Участник","Варламов  Даниил Максимович","АНОО  \"Международная школа Казани\""]
[162,"Приволжский район","МБОУ «Русско-татарская средняя общеобразовательная школа №129» Приволжского района г. Казани","Валеева","А.","М.","Ж","нет",8,8,51.79,"",51.79,100,"Участник","Хабибуллин  Равкат Якубочич","МБОУ  \"Школа №129\" г.Казани Республики Татарстан"]
[163,"Советский район","МБОУ «Средняя общеобразовательная школа №15 с углубленным изучением отдельных предметов» Советского района г. Казани","Шакирова","Л.","М.","Ж","нет",7,8,48.5,"",48.5,100,"Участник","Халиуллина  Алиса Ильгизовна","МБОУ\"Школа15\""]
[164,"Московский район","Муниципальное бюджетное общеобразовательное учреждение «Средняя общеобразовательная школа №64» Московского района г. Казани","Абдульханова","В.","Р.","Ж","нет",7,7,41.92,"",41.92,100,"Участник","Новак  В.А.","Муниципальное  бюджетное общеобразовательное учреждение \"Школа №64\" Московского района г.Казани"]
[165,"Авиастроительный район","Муниципальное автономное общеобразовательное учреждение «Гимназия №37» Авиастроительного района г. Казани","Маценко","К.","Е.","Ж","нет",8,8,40.39,"",40.39,100,"Участник","Курбанова  Наиля Ахметовна","Муниципальное  автономное общеобразовательное учреждение \"Гимназия №37\" г.Казани Республики Татарстан"]
[166,"Вахитовский район","МБОУ «Средняя общеобразовательная татарско-русская школа №80 с углубленным изучением отдельных предметов» Вахитовского района г. Казани","Симакова","С.","А.","Ж","нет",7,7,40.01,"",40.01,100,"Участник","Шарипов  Р Х","МБОУ  Школа №80"]
[167,"Вахитовский район","Муниципальное автономное общеобразовательное учреждение «Средняя общеобразовательная школа №18 с углубленным изучением английского языка» Вахитовского района г. Казани","Колик","А.","Б.","Ж","нет",8,8,36.13,"",36.13,100,"Участник","Мингазов  Р.И.","МАОУ  \"Школа №18\""]
[168,"Ново-Савиновский район","МБОУ «Средняя  общеобразовательная школа №49» Ново-Савиновского района г. Казани","Мохова","А.","А.","Ж","нет",8,8,35.62,"",35.62,100,"Участник","Сухарев  Игорь Александрович","Муниципальное  бюджетное общеобразовательное учреждение \"Школа №49\" г.Казани Республики Татарстан"]
[169,"Советский район","Муниципальное бюджетное общеобразовательное учреждение «Средняя общеобразовательная школа №156» Советского района г. Казани","Садыкова","Э.","Р.","Ж","нет",7,7,27.25,"",27.25,100,"Участник","Хуриев  А.Х.","МБОУ  \"СОШ № 156\""]
[170,"Приволжский район","Муниципальное бюджетное общеобразовательное учреждение \"Гимназия №40\" Приволжского района г.Казани","Басько","А.","А.","Ж","нет",7,7,23.15,"",23.15,100,"Участник","Утятникова  Людмила Германовна","МБОУ  \"Гимназия №40\""]
[171,"Ново-Савиновский район","Муниципальное бюджетное общеобразовательное учреждение \"Средняя общеобразовательная татарско-русская школа №71 с углубленным изучением отдельных предметов\" Ново-Савиновского района города Казани","Насибуллиина","Л.","Р.","Ж","нет",8,8,14.63,"",14.63,100,"Участник","Мухаметшин  Азат Газизович","Муниципальное  бюджетное общеобразовательное учреждение \"Средняя общеобразовательная татарско-русская школа №71 с углубленным изучением отдельных предметов\" Ново-Савиновского района города Казани"]
[172,"Вахитовский район","Муниципальное бюджетное общеобразовательное учреждение «Татарская гимназия №1 им.Г.Тукая» Вахитовского района г. Казани","Хуснутдинова","К.","Р.","Ж","нет",8,8,12.44,"",12.44,100,"Участник","Якупов  Руслан Мударрисович","МБОУ  \"Татарская гимназия №1 им. Г. Тукая\" Вахитовского района г. Казани"]
[173,"Приволжский район","Муниципальное бюджетное общеобразовательное учреждение «Гимназия №6» Приволжского района г. Казани","Казакова","А.","В.","Ж","нет",7,7,12.07,"",12.07,100,"Участник","Халимов  Ильнур Фиргатович","Муниципальное  бюджетное общеобразовательное учреждение \"Гимназия №6\" г.Казани Республики Татарстан"]
[174,"Приволжский район","МБОУ «Татарско-русская средняя общеобразовательная школа №68 с углублённым изучением отдельных предметов» Приволжского района г. Казани","Баландина","Д.","С.","Ж","нет",6,7,9.15,"",9.15,100,"Участник","Нугманов  Булат Фаилевич","Муниципальное  бюджетное общеобразовательное учреждение \"Школа №68\" Приволжского р-на г.Казани Республики Татарстан"]
[175,"Авиастроительный район","Муниципальное бюджетное общеобразовательное учреждение \"Гимназия №36\" Авиастроительного района г. Казани","Александрова","А.","А.","Ж","нет",8,8,8.41,"",8.41,100,"Участник","Мартынова  Татьяна Георгиевна","МБОУ\"Гимназия  №36\" Авиастроительного района г.Казани"]
[176,"Приволжский район","Муниципальное бюджетное общеобразовательное учреждение \"Средняя общеобразовательная школа №127\" Приволжского района города Казани","Садыкова","А.","Ф.","Ж","нет",8,8,7.68,"",7.68,100,"Участник","Токранова  Зинаида Леонидовна","Муниципальное  бюджетное общеобразовательное учреждение \"Школа №127\" г.Казани Республики Татарстан"]
[177,"Приволжский район","Муниципальное бюджетное общеобразовательное учреждение «Многопрофильный лицей №186 - «Перспектива» Приволжского района г.Казани","Трофимова","В.","А.","Ж","нет",10,10,93.21,"",93.21,100,"Победитель","Булатов  Ильдар Фаритович","МБОУ  «Многопрофильный лицей №186 - \"Перспектива\" Приволжского района г. Казани"]
[178,"Ново-Савиновский район","Муниципальное бюджетное общеобразовательное учреждение «Средняя общеобразовательная татарско – русская школа №113 с углубленным изучением отдельных предметов им. Героя России М.Р. Ахметшина» Ново-Савиновского района г. Казани","Никитина","А.","Д.","Ж","нет",9,9,89.84,"",89.84,100,"Победитель","Рыжов  Александр Васильевич","МБОУ  \"Школа №113\""]
[179,"Авиастроительный район","Муниципальное бюджетное общеобразовательное учреждение \"Средняя общеобразовательная школа  с углубленным изучением отдельных предметов №62\" Авиастроительного района г.Казани","Шинкарева","Д.","В.","Ж","нет",11,11,88.33,"",88.33,100,"Победитель","Косова  ЛюбовьНиколаевна","Муниципальное  бюджетное общеобразовательное учреждение \"Средняя общеобразовательная школа с углубленным изучением отдельных предметов №62\" Авиастроительного района г.Казани\""]
[180,"Советский район","Муниципальное бюджетное общеобразовательное учреждение «Средняя общеобразовательная школа №86 с углубленным изучением отдельных предметов» Советского района г. Казани","Сидорочева","И.","А.","Ж","Нет",10,10,85.77,"",85.77,100,"Призер","Киямов  Айнур Айратович","Муниципальное  бюджетное общеобразовательное учреждение \"Cредняя общеобразовательная школа №86 с углубленным изучением отдельных предметов\"Советского района г.Казани"]
[181,"Ново-Савиновский район","Муниципальное бюджетное общеобразовательное учреждение «Средняя общеобразовательная татарско – русская школа №113 с углубленным изучением отдельных предметов им. Героя России М.Р. Ахметшина» Ново-Савиновского района г. Казани","Быкова","М.","О.","Ж","нет",6,9,85.46,"",85.46,100,"Призер","Рыжов  АлександрВасильевич","Муниципальное  бюджетное общеобразовательное учреждение \"Средняя общеобразовательная татарско-русская школа №113 с углубленным изучением отдельных предметов имени Героя России М.Р.Ахметшина\" Ново-Савиновского района г. Казани\""]
[182,"Кировский район","Муниципальное бюджетное общеобразовательное учреждение \"Гимназия №152\" Кировского района г.Казани","Исхакова","А.","А.","Ж","нет",9,9,84.16,"",84.16,100,"Призер","Галимова  РозаИдрисовна","Муниципальное  бюджетное общеобразовательное учреждение \"Гимназия №152\" Кировского района г.Казани\""]
[183,"Ново-Савиновский район","Специализированный учебный научный центр Инженерный лицей-интернат КНИТУ-КАИ","Гибадуллина","К.","Н.","Ж","нет",9,9,83.87,"",83.87,100,"Призер","Пестова  АленаВалерьевна","Инженерный  лицей-интернат КНИТУ-КАИ"]
[184,"Приволжский район","Муниципальное автономное общеобразовательное учреждение «Гимназия №19» Приволжского района г. Казани","Трушик","А.","А.","Ж","нет",9,9,83.54,"",83.54,100,"Призер","Баранов  Глеб Валерьевич","МАОУ  \"Гимназия №19\""]
[185,"Советский район","Муниципальное бюджетное общеобразовательное учреждение «Гимназия №175» Советского района г. Казани","Хузиахметова","А.","А.","Ж","нет",10,10,82.85,"",82.85,100,"Призер","Смелов  Руслан Александрович","Муниципальное  бюджетное общеобразовательное учреждение \"Гимназия №175\" Советского района г.Казани Республики Татарстан"]
[186,"Ново-Савиновский район","Муниципальное бюджетное общеобразовательное учреждение «Средняя общеобразовательная татарско – русская школа №113 с углубленным изучением отдельных предметов им. Героя России М.Р. Ахметшина» Ново-Савиновского района г. Казани","Морозова","А.","С.","Ж","нет",11,11,82.85,"",82.85,100,"Призер","Рыжов  АлександрВасильевич","Муниципальное  бюджетное общеобразовательное учреждение \"Средняя общеобразовательная татарско-русская школа №113 с углубленным изучением отдельных предметов имени Героя России М.Р.Ахметшина\" Ново-Савиновского района г. Казани\""]
[187,"Советский район","Муниципальное бюджетное общеобразовательное учреждение «Гимназия №93»  Советского района г.Казани","Зинкичева","Э.","М.","Ж","нет",8,9,82.81,"",82.81,100,"Призер","Шкаева  Алина Ильинична","МБОУ  \"Гимназия №93\" Советского района г.Казани"]
[188,"Ново-Савиновский район","МБОУ «Средняя общеобразовательная школа №132 с углубленным изучением иностранных языков» Ново-Савиновского района г. Казани","Елфимова","А.","А.","Ж","нет",9,9,82.34,"",82.34,100,"Призер","Хубатуллина  Альбина Ильгизовна","МБОУ  «Школа № 132»"]
[189,"Ново-Савиновский район","Муниципальное бюджетное общеобразовательное учреждение «Средняя общеобразовательная татарско – русская школа №113 с углубленным изучением отдельных предметов им. Героя России М.Р. Ахметшина» Ново-Савиновского района г. Казани","Самигуллина","А.","А.","Ж","нет",9,9,82.02,"",82.02,100,"Призер","Рыжов  АлександрВасильевич","Муниципальное  бюджетное общеобразовательное учреждение \"Средняя общеобразовательная татарско-русская школа №113 с углубленным изучением отдельных предметов имени Героя России М.Р.Ахметшина\" Ново-Савиновского района г. Казани\""]
[190,"Вахитовский район","МБОУ \"Гимназия №96\" Вахитовского района г. Казани","Чувашаева","М.","Ю.","Ж","нет",11,11,81.03,"",81.03,100,"Призер","Самарина  Ирина Ваделеновна","МБОУ  \"Гимназия № 96\" Вахитовского района г. Казани"]
[191,"Советский район","Муниципальное бюджетное общеобразовательное учреждение «Гимназия №175» Советского района г. Казани","Алеева","А.","Н.","Ж","нет",11,11,80.97,"",80.97,100,"Призер","Смелов  РусланАлександрович","Муниципальное  бюджетное общеобразовательное учреждение \"Гимназия №175\" Советского района г.Казани"]
[192,"Ново-Савиновский район","Муниципальное бюджетное общеобразовательное учреждение \"Гимназия № 179-центр образования\" Ново-Савиновского района г.Казани","Вагизова","Э.","А.","Ж","нет",11,11,80.92,"",80.92,100,"Призер","Хусаинов  Данияр Динисламович","Гимназия  № 179-центр образования"]
[193,"Ново-Савиновский район","МБОУ «Средняя общеобразовательная школа №170 с углублённым изучением отдельных предметов» Ново-Савиновского района г. Казани","Галеева","Д.","Р.","Ж","нет",11,11,80.75,"",80.75,100,"Призер","Хусяинова  Лилия Ибрагимовна","Муниципальное  бюджетное общеобразовательное учреждение \"Школа №170\" г.Казани Республики Татарстан"]
[194,"Советский район","Муниципальное бюджетное общеобразовательное учреждение «Многопрофильный лицей №185» Советского района г.Казани","Гимадеева","А.","М.","Ж","нет",9,9,79.31,"",79.31,100,"Призер","Бикмуллин  Динар Мунирович","Муниципальное  бюджетное общеобразовательное учреждение \"Многопрофильный лицей № 185\" г.Казани Республики Татарстан"]
[195,"Советский район","Муниципальное бюджетное общеобразовательное учреждение «Гимназия №175» Советского района г. Казани","Романова","А.","И.","Ж","нет",9,9,78.78,"",78.78,100,"Призер","Кириллова  Ольга Владимировна","МБОУСредняя  общеобразовательная школа №175»"]
[196,"Авиастроительный район","Муниципальное бюджетное общеобразовательное учреждение \"Гимназия №36\" Авиастроительного района г. Казани","Крючкова","А.","Е.","Ж","нет",11,11,78.36,"",78.36,100,"Призер","Мартынова  ТатьянаГеоргиевна","Муниципальное  бюджетное общеобразовательное учреждение \"Гимназия №36\" Авиастроительного района г.Казани\""]
[197,"Авиастроительный-Ново-Савиновский","Муниципальное  автономное общеобразовательное учреждение «Гимназия №139 - Центр образования» Приволжского района г. Казани","Гарапшина","А.","Р.","Ж","нет",11,11,78.28,"",78.28,100,"Призер","Галкина  ЕленаВитальевна","Муниципальное  автономное общеобразовательное учреждение \"Гимназия № 139\""]
[198,"Кировский район","Муниципальное бюджетное общеобразовательное учреждение  \"Русско-татарская средняя общеобразовательная школа №81 с углубленным изучением отдельных предметов имени В.А.Григорьева\" Кировского района г. Казани","Плясунова","Д.","С.","Ж","нет",10,10,76.91,"",76.91,100,"Призер","Рябова  Анна Владимировна","Муниципальное  бюджетное общеобразовательное учреждение \"Русско-татарская средняя общеобразовательная школа №81 с углубленным изучением отдельных предметов имени В.А.Григорьева\""]
[199,"Кировский район","Муниципальное бюджетное общеобразовательное учреждение  \"Русско-татарская средняя общеобразовательная школа №81 с углубленным изучением отдельных предметов имени В.А.Григорьева\" Кировского района г. Казани","Валиева","К.","Г.","Ж","нет",10,10,76.71,"",76.71,100,"Призер","Рябова  Анна Владимировна","Муниципальное  бюджетное общеобразовательное учреждение \"Русско-татарская средняя общеобразовательная школа №81 с углубленным изучением отдельных предметов имени В.А.Григорьева\""]
[200,"Приволжский район","Муниципальное бюджетное общеобразовательное учреждение \"Лицей № 35 - образовательный центр \"Галактика\" Приволжского района города Казани","Кириллова","Д.","А.","Ж","нет",10,10,76.7,"",76.7,100,"Призер","Хузиахметова  Ирина Ильинична","Муниципальное  бюджетное общеобразовательное учреждение \"Лицей №35 - образовательный центр \"Галактика\" Приволжского района города Казани"]
[201,"Советский район","Муниципальное бюджетное  общеобразовательное учреждение \"Гимназия №20 имени Абдуллы Алиша\" Советского района г.Казани","Галиахметова","Э.","И.","Ж","нет",10,10,76.57,"",76.57,100,"Призер","Тимерханов  РустемХанифович","Муниципальное  бюджетное общеобразовательное учреждение \"Гимназия № 20 имени Абдуллы Алиша\" Советского района города Казани\""]
[202,"Кировский район","Муниципальное автономное общеобразовательное учреждение «Гимназия-интернат №4» Кировского района г.Казани","Габбасова","З.","Р.","Ж","нет",9,9,75.8,"",75.8,100,"Призер","Ермакова  Валентина Александровна","МАОУ  \"Гимназия-интернат №4\" г.Казани"]
[203,"Московский район","Муниципальное бюджетное общеобразовательное учреждение «Гимназия №75» Московского района г.Казани","Андреева","А.","Д.","Ж","нет",10,10,75.78,"",75.78,100,"Призер","Толометова  Э. Ф.","Муниципальное  бюджетное общеобразовательное учреждение \"Гимназия №75\" г.Казани Республики Татарстан"]
[204,"Московский район","Муниципальное бюджетное общеобразовательное учреждение «Средняя общеобразовательная школа №55 с углубленным изучением отдельных предметов» Московского района г.Казани","Николаева","К.","Д.","Ж","нет",10,10,75.75,"",75.75,100,"Призер","Солнышкова  Юлия Дмитриевна","МБОУ  \"Школа №55\" г.Казани Республики Татарстан"]
[205,"Авиастроительный район","Муниципальное бюджетное общеобразовательное учреждение \"Гимназия №10\" Авиастроительного района г.Казани","Насибуллина","И.","И.","Ж","нет",9,9,75.69,"",75.69,100,"Призер","Мубаракшина  Ф.М.","Муниципальное  бюджетное общеобразовательное учреждение \"Гимназия №10\" Авиастроительного района г. Казани"]
[206,"Советский район","МАОУ \"Лицей №121 имени Героя Советского Союза С. А. Ахтямова\" Советского района г.Казани","Кондратьева","В.","А.","Ж","нет",9,9,75.64,"",75.64,100,"Призер","Слободчиков  СергейЛьвович","Муниципальное  автономное общеобразовательное учреждение \"Лицей №121 имени Героя Советского Союза С.А.Ахтямова\" Советского района г.Казани"]
[207,"Московский район","Муниципальное бюджетное общеобразовательное учреждение «Средняя общеобразовательная школа №64» Московского района г. Казани","Галимуллина","А.","Т.","Ж","нет",10,10,75.45,"",75.45,100,"Призер","Новак  В.А.","Муниципальное  бюджетное общеобразовательное учреждение \"Школа №64\" Московского района г.Казани"]
[208,"Кировский район","Муниципальное бюджетное общеобразовательное учреждение «Гимназия №50» Кировского района г. Казани","Сергеева","Р.","Р.","Ж","нет",9,9,74.69,"",74.69,100,"Призер","Мычилкина  Зоя Дмитриевна","Муниципальное  бюджетное общеобразовательное учреждение \"Гимназия №50\" г.Казани Республики Татарстан"]
[209,"Ново-Савиновский район","Муниципальное автономное общеобразовательное учреждение «Лицей №146 \"Ресурс\"» Ново-Савиновского района г. Казани","Садирова","К.","И.","Ж","нет",11,11,74.68,"",74.68,100,"Призер","Корнеева  ИринаНиколаевна","Муниципальное  автономное общеобразовательное учреждение \"Лицей №146 \"Ресурс\" Ново-Савиновского района г. Казани\""]
[210,"Ново-Савиновский район","Муниципальное бюджетное общеобразовательное учреждение «Гимназия №155 с татарским языком обучения» Ново-Савиновского района г. Казани","Ахмадуллина","Д.","Р.","Ж","нет",11,11,74.34,"",74.34,100,"Призер","Галиев  МарсельВазихович","Муниципальное  бюджетное общеобразовательное учреждение \"Гимназия №155 с татарским языком обучения\" Ново-Савиновского района г. Казани\""]
[211,"Ново-Савиновский район","МБОУ «Средняя общеобразовательная школа №89 с углубленным изучением отдельных предметов» Ново-Савиновского района г.Казани","Матюшкина","К.","В.","Ж","нет",10,10,74.19,"",74.19,100,"Призер","Арютин  Александр Николаевич","МБОУ  \"Школа №89\""]
[212,"Авиастроительный район","Муниципальное бюджетное общеобразовательное учреждение \"Средняя общеобразовательная школа № 119\" Авиастроительного р-на г.Казани","Андриановой","К.","А.","Ж","нет",11,11,73.98,"",73.98,100,"Призер","Павлова  Альбина Николаевна","МБОУ  \" Средняя школа №119\" Авиастроительного района г.Казани"]
[213,"Советский район","МАОУ \"Лицей №121 имени Героя Советского Союза С. А. Ахтямова\" Советского района г.Казани","Купан","А.","Т.","Ж","нет",11,11,73.49,"",73.49,100,"Призер","Петрова  Наталья Геннадьевна","Муниципальное  автономное общеобразовательное учреждение \"Лицей№121\"\" г.Казани Республики Татарстан"]
[214,"Авиастроительный район","Муниципальное бюджетное общеобразовательное учреждение \"Средняя общеобразовательная школа  с углубленным изучением отдельных предметов №62\" Авиастроительного района г.Казани","Гарифуллина","Э.","А.","Ж","нет",9,9,73.35,"",73.35,100,"Призер","Косова  Любовь Николаевна","Муниципальное  бюджетное общеобразовательное учреждение \"Школа №62\" г.Казани Республики Татарстан"]
[215,"Авиастроительный район","Муниципальное бюджетное общеобразовательное учреждение \"Гимназия №36\" Авиастроительного района г. Казани","Смирнова","А.","С.","Ж","нет",9,9,73.31,"",73.31,100,"Призер","Мартынова  ТатьянаГеоргиевна","Муниципальное  бюджетное общеобразовательное учреждение \"Гимназия №36\" Авиастроительного района г.Казани\""]
[216,"Авиастроительный район","Муниципальное бюджетное общеобразовательное учреждение \"Средняя общеобразовательная школа № 54 с углубленным изучением отдельных предметов\" Авиастроительного района  г. Казани","Данилова","С.","П.","Ж","нет",9,9,73.06,"",73.06,100,"Призер","Шинкарева  Лидия Викторовна","МБОУ  \"Школа № 54\""]
[217,"Ново-Савиновский район","Муниципальное бюджетное общеобразовательное учреждение «Гимназия №7 имени Героя России А.В.Козина» Ново-Савиновского района г.Казани. Школа-центр компетенции в электронном образовании","Филюшенко","У.","Д.","Ж","нет",10,10,72.93,"",72.93,100,"Призер","Игошин  Вячеслав Юрьевич","Муниципальное  бюджетное общеобразовательное учреждение \"Гимназия 7 имени героя России А.В. Козина\" Ново-Савиновского района г.Казани Республики Татарстан"]
[218,"Советский район","Муниципальное бюджетное общеобразовательное учреждение «Гимназия № 183» Советского района г.Казани","Дунаева","Д.","Э.","Ж","нет",9,9,72.88,"",72.88,100,"Призер","Абдуллин  Фанис Фердинантович","Муниципальное  бюджетное общеобразовательное учреждение \"Гимназия №183\" г.Казани"]
[219,"Авиастроительный район","Муниципальное бюджетное общеобразовательное учреждение \"Средняя общеобразовательная школа №77\" Авиастроительного района г. Казани","Ефимова","Л.","А.","Ж","нет",10,10,72.23,"",72.23,100,"Призер","Бикмуллин  ДинарМунирович","Муниципальное  бюджетное общеобразовательное учреждение \"Средняя общеобразовательная школа № 77\" Авиастроительного района г.Казани\""]
[220,"Авиастроительный район","Муниципальное бюджетное общеобразовательное учреждение \"Средняя общеобразовательная школа №60\" Авиастроительного района г. Казани","Яштуганова","А.","С.","Ж","нет",10,10,72.22,"",72.22,100,"Призер","Семагина  СветланаВладимировна","Муниципальное  бюджетное общеобразовательное учреждение \"Средняя общеобразовательная школа №60\" Авиастроительного района г.Казани\""]
[221,"Приволжский район","Муниципальное бюджетное общеобразовательное учреждение «Гимназия №6» Приволжского района г. Казани","Корнеева","С.","В.","Ж","нет",11,11,71.22,"",71.22,100,"Участник","Кокуркина  Любовь Семеновна","Муниципальное  бюджетное общеобразовательное учреждение \"Гимназия №6\" г.Казани Республики Татарстан"]
[222,"Кировский район","Муниципальное бюджетное общеобразовательное учреждение  \"Военно-патриотический образовательный центр – школа №67 имени Анатолия Ивановича Чехова\" Кировского района г.Казани","Королева","П.","Г.","Ж","нет",11,11,71.06,"",71.06,100,"Участник","Муртазин  ИльгизарИсмагилович","Муниципальное  бюджетное общеобразовательное учреждение \"Военно-патриотический образовательный центр - школа № 67\" Кировского района города Казани"]
[223,"Приволжский район","Муниципальное бюджетное общеобразовательное учреждение «Гимназия №6» Приволжского района г. Казани","Иванова","Р.","М.","Ж","нет",9,9,70.94,"",70.94,100,"Участник","Мухаматшева  Валентина Васильевна","Муниципальное  бюджетное общеобразовательное учреждение \"Гимназия №6\""]
[224,"Авиастроительный район","Муниципальное бюджетное общеобразовательное учреждение \"Средняя общеобразовательная школа №60\" Авиастроительного района г. Казани","Султанова","Л.","М.","Ж","нет",9,9,70.94,"",70.94,100,"Участник","Семагина  Светлана Владимировна","МБОУ  \"Школа №60\""]
[225,"Ново-Савиновский район","Муниципальное автономное общеобразовательное учреждение «Лицей №146 \"Ресурс\"» Ново-Савиновского района г. Казани","Расссадина","А.","И.","Ж","нет",10,10,70.91,"",70.91,100,"Участник","Корнеева  И.Н.","Муниципальное  автономное общеобразовательное учреждение «Лицей №146 \"Ресурс\"» Ново-Савиновского района г. Казани"]
[226,"Приволжский район","Муниципальное автономное общеобразовательное учреждение «Гимназия №19» Приволжского района г. Казани","Хасянова","З.","И.","Ж","нет",9,9,70.88,"",70.88,100,"Участник","Баранов  Глеб Валерьевич","Муниципальное  автономное общеобразовательное учреждение \"Гимназия №19\" Приволжского района г.Казани Республики Татарстан"]
[227,"Московский район","Муниципальное бюджетное общеобразовательное учреждение «Гимназия №102 им. М.С.Устиновой» Московского района г. Казани","Зангирова","Л.","Д.","Ж","нет",9,9,70.77,"",70.77,100,"Участник","Тулупов  ИгорьВячеславович","Муниципальное  бюджетное общеобразовательное учреждение \"Гимназия № 102 имени М.С.Устиновой\" Московского района города Казани\""]
[228,"Кировский район","Муниципальное бюджетное общеобразовательное учреждение «Средняя общеобразовательная школа № 137 с углубленным изучением отдельных предметов» Кировского района г. Казани","Горовая","А.","А.","Ж","нет",9,9,70.14,"",70.14,100,"Участник","Баранов  Владимир Гкннадьевич","Муниципальное  бюджетное общеобразовательное учреждение \"Школа №137 с углубленным изучением отдельных предметов\" Кировского района г.Казани Республики Татарстан"]
[229,"Приволжский район","МБОУ \"Лицей №78 \"Фарватер\" Приволжского района г. Казани","Набиева","А.","Р.","ж","нет",10,10,70.13,"",70.13,100,"Участник","Васянова  А.Г.","МБОУ  \"Лицей №78 \"Фарватер\" Приволжского района г.Казани"]
[230,"Советский район","МБОУ «Средняя общеобразовательная школа №15 с углубленным изучением отдельных предметов» Советского района г. Казани","Левандовская","Е.","А.","Ж","нет",8,9,70.11,"",70.11,100,"Участник","Рахманова  Альбина Раисовна","МБОУ\"Школа15\""]
[231,"Авиастроительный район","Муниципальное автономное общеобразовательное учреждение «Гимназия №37» Авиастроительного района г. Казани","Ахметгалиева","К.","А.","Ж","нет",10,10,69.75,"",69.75,100,"Участник","Курбанова  Наиля Ахметовна","Муниципальное  автономное общеобразовательное учреждение \"Гимназия №37\" г.Казани Республики Татарстан"]
[232,"Приволжский район","Муниципальное бюджетное общеобразовательное учреждение «Гимназия №21» Приволжского района г. Казани","Йулдошева","Л.","М.","Ж","нет",10,10,69.72,"",69.72,100,"Участник","Хафизов  Ильшат Исхакович","МБОУ  \"Гимназия №21\""]
[233,"Вахитовский район","Муниципальное автономное общеобразовательное учреждение «Средняя общеобразовательная школа №39 с углубленным изучением английского языка» Вахитовского района г. Казани","Михеева","А.","С.","Ж","нет",9,9,69.21,"",69.21,100,"Участник","Зарубина  Елена Александровна","Муниципальное  автономное общеобразовательное учреждение \"Средняя общеобразовательная школа №39 с углубленным изучением английского языка\""]
[234,"Московский район","Муниципальное бюджетное образовательное учреждение \"Гимназия №9\" Московского района г.Казани","Яценко","Д.","Г.","Ж","нет",9,9,69.16,"",69.16,100,"Участник","Матросова  Светлана Львовна","МБОУ  \"Гимназия №9\""]
[235,"Советский район","Муниципальное бюджетное общеобразовательное учреждение «Многопрофильная полилингвальная гимназия №180» Советского района г.Казани","Кадырова","Р.","А.","Ж","нет",11,11,68.97,"",68.97,100,"Участник","Куманина  Роза Рамильевна","Муниципальное  бюджетное общеобразовательное учреждение \"МПГ №180\" г.Казани Республики Татарстан"]
[236,"Советский район","Муниципальное бюджетное общеобразовательное учреждение «Средняя общеобразовательная школа №144 с углубленным изучением отдельных предметов» Советского района г. Казани","Каримова","Г.","А.","Ж","нет",11,11,68.97,"",68.97,100,"Участник","Худобко  Татьяна Евгеньевна","Муниципальное  бюджетное общеобразовательное учреждение \"Школа №144\" Советского района г.Казани"]
[237,"Советский район","Муниципальное бюджетное общеобразовательное учреждение «Гимназия №8- Центр образования» Советского района г. Казани","Ахметова","К.","Р.","Ж","нет",9,9,68.93,"",68.93,100,"Участник","Пичугин  Станислав Алексанрович","МБОУ  \"Гимназия №8-ЦО\"Советского района г.Казани Республики Татарстан"]
[238,"Советский район","МБОУ «Средняя общеобразовательная школа №72 с углубленным изучением немецкого языка» Советского района г. Казани","Гудынина","И.","А.","Ж","нет",10,10,68.61,"",68.61,100,"Участник","Яковлева  Марина Александровна","Муниципальное  бюджетное общеобразовательное учреждение \"Школа №72\" г.Казани Республики Татарстан"]
[239,"Советский район","Муниципальное бюджетное общеобразовательное учреждение «Многопрофильная школа №181» Советского района г.Казани","Шарипова","А.","А.","Ж","нет",11,11,68.42,"",68.42,100,"Участник","Шигапова  Е.В.","Муниципальное  бюджетное общеобразовательное учреждение «Многопрофильная школа №181» г.Казани Республики Татарстан"]
[240,"Авиастроительный район","Муниципальное бюджетное общеобразовательное учреждение \"Средняя общеобразовательная школа №77\" Авиастроительного района г. Казани","Крылова","В.","Н.","Ж","нет",9,9,67.9,"",67.9,100,"Участник","Королев  Андрей Анатольевич","МБОУ  \"Школа№77\""]
[241,"Приволжский район","Муниципальное бюджетное общеобразовательное учреждение «Средняя общеобразовательная школа №69» Приволжского района г. Казани Республики Татарстан","Сабирзянова","Р.","Р.","Ж","нет",10,10,67.87,"",67.87,100,"Участник","Князева  Ирина Юрьевна","Муниципальное  бюджетное общеобразовательное учреждение \"Средняя общеобразовательная школа №69 г.Казани Республики Татарстан"]
[242,"Приволжский район","МБОУ «Татарско-русская средняя общеобразовательная школа №10 с углубленным изучением отдельных предметов» Приволжского района г. Казани","Зиганшина","Р.","Р.","Ж","нет",10,10,67.71,"",67.71,100,"Участник","Габдрахманов  Рафис Рашитович","МБОУ  \"Школа №10\""]
[243,"Приволжский район","Муниципальное бюджетное общеобразовательное учреждение «Гимназия №52» Приволжского района города Казани","Николич","А.","В.","Ж","нет",10,10,67.62,"",67.62,100,"Участник","Михеева  Диляра Фаридовна","Муниципальное  бюджетное общеобразовательное учреждение \"Гимназия №52\" г.Казани Республики Татарстан"]
[244,"Вахитовский район","Муниципальное бюджетное общеобразовательное учреждение \"Лицей №5\" Вахитовского района г. Казани","Латыпова","А.","А.","Ж","нет",9,9,67.44,"",67.44,100,"Участник","Ингачева  Елена Борисовна","Муниципальное  бюджетное общеобразовательное учреждение \"Лицей№5\" г.Казани Республики Татарстан"]
[245,"Вахитовский район","Муниципальное автономное общеобразовательное учреждение «Средняя общеобразовательная школа №18 с углубленным изучением английского языка» Вахитовского района г. Казани","Сергеева","А.","А.","Ж","нет",11,11,67.39,"",67.39,100,"Участник","Перетягин  Ф.В.","МАОУ  \"Школа №18\""]
[246,"Московский район","Муниципальное бюджетное общеобразовательное учреждение «Гимназия №122 имени Ж.А. Зайцевой» Московского района г.Казани","Бочкарёва","А.","Е.","Ж","нет",10,10,67.11,"",67.11,100,"Участник","Приказчикова  Татьяна Викторовна","МБОУ  \"Гимназия №122 имени Ж.А.Зайцевой\""]
[247,"Советский район","Муниципальное бюджетное общеобразовательное учреждение «Лицей №159» Советского района г. Казани","Ермохина","Е.","Е.","Ж","нет",9,11,66.14,"",66.14,100,"Участник","Барлев  Виктор Александрович","Муниципальное  бюджетное общеобразовательное учреждение \"Лицей №159\" г.Казани Республики Татарстан"]
[248,"Ново-Савиновский район","Муниципальное бюджетное общеобразовательное учреждение «Гимназия №13 с татарским языком обучения» Ново-Савиновского района г.Казани","Галявиева","Э.","Э.","Ж","нет",9,9,66.07,"",66.07,100,"Участник","Баранова  АльбинаАльбертовна","Муниципальное  бюджетное общеобразовательное учреждение \"Гимназия № 13 с татарским языком обучения\" Ново-Савиновского района г. Казани"]
[249,"Вахитовский район","Муниципальное бюджетное общеобразовательное учреждение «Лицей №116 имени Героя Советского Союза А.С.Умеркина»  Вахитовского района г. Казани","Егорова","К.","О.","Ж","нет",11,11,65.93,"",65.93,100,"Участник","Киямутдинова  ЮлдузМаратовна","Муниципальное  бюджетное общеобразовательное учреждение \"Лицей №116 имени Героя Советского Союза А.С. Умеркина\" Вахитовского района г. Казани\""]
[250,"Московский район","Муниципальное бюджетное образовательное учреждение «Средняя общеобразовательная татарско-русская школа №34» Московского района г. Казани","Исхакова","К.","И.","Ж","нет",11,11,65.56,"",65.56,100,"Участник","Мухаммадиев  Альмир Сиренович","МБОУ  \"Средняя общеобразовательная татарско-русская школа №34\" Московского района г.Казани"]
[251,"Советский район","Муниципальное бюджетное общеобразовательное учреждение «Многопрофильный лицей №187» Советского района г.Казани","Зуевская","А.","М.","Ж","нет",9,9,65.5,"",65.5,100,"Участник","Платунов  Антон Николаевич","МБОУ  \"Многопрофильный лицей №187\""]
[252,"Вахитовский район","Муниципальное автономное общеобразовательное учреждение «Средняя общеобразовательная школа №39 с углубленным изучением английского языка» Вахитовского района г. Казани","Виноградская","М.","В.","Ж","нет",9,9,65.42,"",65.42,100,"Участник","Зарубина  Елена Александровна","Муниципальное  бюджетное общеобразовательное учреждение \"Школа №1000\" г.Казани Республики Татарстан"]
[253,"Приволжский район","МБОУ «Татарско-русская средняя общеобразовательная школа №10 с углубленным изучением отдельных предметов» Приволжского района г. Казани","Дмитриева","А.","Е.","Ж","нет",10,10,65.35,"",65.35,100,"Участник","Габдрахманов  РафисРашитович","Муниципальное  бюджетное общеобразовательное учреждение \"Татарско-русская средняя общеобразовательная школа №10 с углубленным изучением отдельных предметов\""]
[254,"Приволжский район","Муниципальное бюджетное общеобразовательное учреждение «Средняя общеобразовательная школа №42» Приволжского района г. Казани","Пыркина","К.","Е.","Ж","нет",11,11,65.22,"",65.22,100,"Участник","Каримова  Лилиана Ильдаровна","Муниципальное  бюджетное общеобразовательное учреждение \"Школа №42\" Приволжского района г.Казани Республики Татарстан"]
[255,"Советский район","МБОУ «Средняя общеобразовательная школа №22 с углубленным изучением отдельных предметов - Центр образования» Советского района г. Казани","Левицкова","А.","А.","Ж","нет",11,11,64.81,"",64.81,100,"Участник","Жиряева  Рахиля Рашитовна","МБОУ  \"Школа №22 - Центр образования\""]
[256,"Приволжский район","Муниципальное бюджетное общеобразовательное учреждение \"Гимназия №40\" Приволжского района г.Казани","Недвигина","У.","В.","Ж","нет",9,9,64.26,"",64.26,100,"Участник","Утятникова  Людмила Германовна","МБОУ  \"Гимназия №40\""]
[257,"Ново-Савиновский район","Муниципальное бюджетное общеобразовательное учреждение \"Лицей № 177\" Ново-Савиновского района г. Казани","Ахметзянова","Л.","А.","Ж","нет",11,11,64.07,"",64.07,100,"Участник","Зайцева  Ирина Анатольевна","МБОУ  \"Лицей№177\""]
[258,"Ново-Савиновский район","Муниципальное бюджетное общеобразовательное учреждение \"Гимназия № 179-центр образования\" Ново-Савиновского района г.Казани","Кашапова","Р.","Р.","Ж","нет",9,9,63.72,"",63.72,100,"Участник","Ваниев  Энвер Саидович","Гимназия  № 179-центр образования"]
[259,"Вахитовский район","Муниципальное бюджетное общеобразовательное учреждение  «Гимназия №27 с татарским языком обучения» Вахитовского района г. Казани","Леонтьева","Л.","М.","Ж","нет",11,11,63.62,"",63.62,100,"Участник","Абдуллин  Ильфат Талгатович","Муниципальное  бюджетное общеобразовательное учреждение «Гимназия №27 с татарским языком обучения» Вахитовского района г. Казани"]
[260,"Кировский район","Муниципальное бюджетное общеобразовательное учреждение «Многопрофильный лицей №188» Кировского района г. Казани","Семенова","А.","Д.","Ж","нет",10,10,63.59,"",63.59,100,"Участник","Яранов  Никита Сергеевич","Муниципальное  бюджетное общеобразовательное учреждение \"Лицей Бионика №188\" г.Казани Республики Татарстан"]
[261,"Советский район","Муниципальное бюджетное общеобразовательное учреждение «Средняя общеобразовательная школа №167 с углубленным изучением отдельных предметов» Советского района г. Казани","Урусова","А.","А.","Ж","нет",11,11,63.01,"",63.01,100,"Участник","Иванова  Наталья Геннадьевана","Муниципальное  бюджетное общеобразовательное учреждение «Средняя общеобразовательная школа № 167 с углубленным изучением отдельных предметов» Советского района г. Казани"]
[262,"Вахитовский район","Муниципальное автономное общеобразовательное учреждение \"Лицей №131\" Вахитовского района г. Казани","Валеева","Р.","Ф.","Ж","Нет",11,11,62.56,"",62.56,100,"Участник","Пожидаева  Аида Тагировна","МАОУ  \"Лицей №131\""]
[263,"Приволжский район","Муниципальное бюджетное общеобразовательное учреждение «Средняя общеобразовательная школа №24 с углубленным изучением отдельных предметов» Приволжского района г. Казани","Пыхова","А.","А.","Ж","нет",9,9,61.89,"",61.89,100,"Участник","Лукьянов  Алексей Юрьевич","Муниципальное  бюджетное общеобразовательное учреждение \"Средняя общеобразовательная школа №24 с углубленным изучением отдельных предметов\" Приволжского района г.Казани Республики Татарстан"]
[264,"Вахитовский район","МБОУ «Средняя общеобразовательная татарско-русская школа №80 с углубленным изучением отдельных предметов» Вахитовского района г. Казани","Аббасова","К.","Н.","Ж","нет",9,9,61.77,"",61.77,100,"Участник","ЯруллинАШ","МБОУ  Школа №80"]
[265,"Приволжский район","МБОУ «Русско-татарская средняя общеобразовательная школа №136» Приволжского района города Казани","Кузнецова","А.","С.","Ж","нет",9,11,61.67,"",61.67,100,"Участник","Корнетов  Вячеслав Владимирович","Муниципальное  бюджетное общеобразовательное учреждение \"Школа №136\" г.Казани Республики Татарстан"]
[266,"Авиастроительный район","Муниципальное бюджетное общеобразовательное учреждение «Гимназия №5» Авиастроительного района г. Казани","Эркаева","К.","Э.","Ж","нет",10,10,60.73,"",60.73,100,"Участник","Шакирова  Назия Аглулловна","Муниципальное  бюджетное общеобразовательное учреждение \"Гимназия №5\" Авиастроительного района г. Казани"]
[267,"Приволжский район","МБОУ «Русско-татарская средняя общеобразовательная школа №129» Приволжского района г. Казани","Горланова","А.","А.","Ж","нет",11,11,60.32,"",60.32,100,"Участник","Абзалов  Гумар Миншакирович","МБОУ  \"Школа №129\" г.Казани Республики Татарстан"]
[268,"Приволжский район","Муниципальное бюджетное общеобразовательное учреждение \"Средняя общеобразовательная школа №127\" Приволжского района города Казани","Ярочкина","П.","А.","Ж","нет",9,9,58.66,"",58.66,100,"Участник","Рахимьянова  Лейсан Маратовна","Муниципальное  бюджетное общеобразовательное учреждение \"Школа №127\" г.Казани Республики Татарстан"]
[269,"Авиастроительный район","Муниципальное бюджетное общеобразовательное учреждение «Гимназия №33» Авиастроительного района г. Казани","Куликова","А.","Д.","Ж","нет",10,10,55.65,"",55.65,100,"Участник","Крымов  Н.Е.","МБОУ  \" Гимназия №33\""]
[270,"Приволжский район","Муниципальное автономное общеобразовательное учреждение «Гимназия №19» Приволжского района г. Казани","Бочарова","П.","Н.","Ж","нет",10,10,54.7,"",54.7,100,"Участник","Куроедов  Борис Борисович","Муниципальное  автономное общеобразовательное учреждение \"Гимназия №19\" Приволжского района г.Казани Республики Татарстан"]
[271,"Кировский район","Муниципальное бюджетное общеобразовательное учреждение «Многопрофильная гимназия №189 “Заман”» Кировского района г. Казани","Пучкова","А.","А.","Ж","нет",9,9,51,"",51,100,"Участник","Сорокин  Александр Иванович","Муниципальное  бюджетное общеобразовательное учреждение \"Многопрофильная Гимназия №189 \"Заман\"Кировского района г.Казани Республики Татарстан"]
[272,"Приволжский район","Муниципальное бюджетное общеобразовательное учреждение \"Средняя общеобразовательная школа № 173\" г. Казани","Салахова","Д.","И.","Ж","нет",10,10,48.69,"",48.69,100,"Участник","Тагирова  Римма Шамилевна","МБОУ  \"№173\""]
[273,"Советский район","Муниципальное бюджетное общеобразовательное учреждение «Средняя общеобразовательная школа с углубленным изучением отдельных предметов №184 им.М.И.Махмутова» Советского района г.Казани","Ершова","Е.","О.","Ж","нет",11,11,44.8,"",44.8,100,"Участник","Сергеев  М.В.","Муниципальное  бюджетное общеобразовательное учреждение \"Школа №1000\" г.Казани Республики Татарстан"]
[274,"Авиастроительный район","Муниципальное бюджетное общеобразовательное учреждение «Лицей №26 им. Мусы Джалиля» Авиастроительного района г. Казани","Гарифзянова","Д.","Г.","Ж","нет",9,9,41.13,"",41.13,100,"Участник","Мухаммадеева  Ралина Альбертовна","МБОУ  \"Лицей №26 им.М.Джалиля\""]
[275,"Ново-Савиновский район","МБОУ «Средняя  общеобразовательная школа №49» Ново-Савиновского района г. Казани","Чиркунова","П.","М.","Ж","нет",10,10,40.98,"",40.98,100,"Участник","Сухарев  Игорь Александрович","Муниципальное  бюджетное общеобразовательное учреждение \"Школа №49\" г.Казани Республики Татарстан"]
[276,"Советский район","МБОУ «Средняя общеобразовательная школа №171 с углубленным изучением отдельных предметов» Советского района г. Казани (Школа - центр компетенции в электронном образовании)","Чернова","Д.","Д.","Ж","нет",11,11,39.72,"",39.72,100,"Участник","Зайнулин  Фархад Ирикович","Муниципальное  бюджетное общеобразовательное учреждение \"Школа №171\" Советского района г.Казани"]
[277,"Московский район","Муниципальное бюджетное общеобразовательное учреждение «Гимназия №102 им. М.С.Устиновой» Московского района г. Казани","Бадрутдинова","А.","Ф.","Ж","нет",11,11,39.08,"",39.08,100,"Участник","Романова  Ольга Анатольевна","Муниципальное  бюджетное общеобразовательное учреждение \"Гимназия №102\" г.Казани Республики Татарстан"]
[278,"Кировский район","Муниципальное Бюджетное Общеобразовательное Учреждение \"Средняя общеобразовательная школа №151 с углубленным изучением отдельных предметов\" Кировского района г.Казани","Зиядиева","К.","Р.","Ж","нет",10,10,37.35,"",37.35,100,"Участник","Дасаева  Фирюза Абдуловна","Муниципальное  бюджетное общеобразовательное учреждение «Средняя общеобразовательная школа №151 с углубленным изучением отдельных предметов» Кировского района города Казани"]
[279,"Приволжский район","Муниципальное бюджетное общеобразовательное учреждение «Средняя общеобразовательная школа №100 - Центр образования» Приволжского района г.Казани","Хайрутдинова","А.","Р.","Ж","нет",11,11,34.95,"",34.95,100,"Участник","Якупов  Ильмир Ильсурович","МБОУ   \"Школа №100 - Центр образования\" Приволжского района г. Казани"]
[280,"Советский район","МБОУ «Средняя общеобразовательная школа №84 с углубленным изучением иностранных языков» Советского района г. Казани","Поморцева","Д.","К.","Ж","нет",9,9,31.78,"",31.78,100,"Участник","Яшина  Тамара Николаевна","Муниципальное  бюджетное общеобразовательное учреждение \"Школа № 84\" г.Казани Республики Татарстан"]
[281,"Авиастроительный район","Муниципальное бюджетное общеобразовательное учреждение \"Лицей №145\" Авиастроительного района г. Казани","Попова","П.","С.","Ж","нет",10,10,15,"",15,100,"Участник","Афоньшин  Владимир Викторович","Муниципальное  бюджетное общеобразовательное учреждение \"Лицей №145\" г.Казани Республики Татарстан"]
[282,"Приволжский район","Муниципальное бюджетное общеобразовательное учреждение «Лицей №83 - Центр образования» Приволжского района г. Казани","Мазняк","Д.","И.","Ж","нет",9,9,12,"",12,100,"Участник","Терентьев  ВалерийКонстантинович","Муниципальное  бюджетное общеобразовательное учреждение \"Лицей №83 - Центр образования\""]
[283,"Ново-Савиновский район","Муниципальное бюджетное общеобразовательное учреждение \"Средняя общеобразовательная татарско-русская школа №71 с углубленным изучением отдельных предметов\" Ново-Савиновского района города Казани","Хабибуллина","К.","Д.","Ж","нет",9,9,9.6,"",9.6,100,"Участник","Мухаметшин  Азат Газизович","Муниципальное  бюджетное общеобразовательное учреждение \"Средняя общеобразовательная татарско-русская школа №71 с углубленным изучением отдельных предметов\" Ново-Савиновского района города Казани"]
[284,"Ново-Савиновский район","МБОУ «Средняя общеобразовательная школа №143 с углубленным изучением отдельных предметов» Ново-Савиновского района г. Казани","Алексеева","Е.","Д.","Ж","нет",11,11,8.7,"",8.7,100,"Участник","Сабитов  Ильнур Наилевич","МБОУ  «Средняя общеобразовательная школа №143 с углубленным изучением отдельных предметов» Ново-Савиновского района г. Казани"]
[285,"Кировский район","Муниципальное бюджетное общеобразовательное учреждение \"Средняя общеобразовательная школа № 70 с углубленным изучением отдельных предметов\" Кировского района г.Казани","Хисматуллина","Р.","Р.","Ж","нет",9,11,8.4,"",8.4,100,"Участник","Семенова  Арина Владимировна","Муниципальное  бюджетное общеобразовательное учреждение \"Школа №70\" г.Казани Республики Татарстан"]
[286,"Советский район","Муниципальное бюджетное общеобразовательное учреждение «Многопрофильный лицей №185» Советского района г.Казани","Латыпов","И.","Р.","М","нет",10,10,91.65,"",91.65,100,"Победитель","Гатауллин  МаксимЭдуардович","МБОУ\"Многопрофильный  лицей №185\""]
[287,"Ново-Савиновский район","Специализированный учебный научный центр Инженерный лицей-интернат КНИТУ-КАИ","Хусаенов","А.","Д.","М","нет",10,10,88.18,"",88.18,100,"Победитель","Пестова  АленаВалерьевна","Инженерный  лицей-интернат КНИТУ-КАИ"]
[288,"Советский район","Муниципальное бюджетное общеобразовательное учреждение «Многопрофильный лицей №185» Советского района г.Казани","Латыпов","Р.","Р.","М","нет",9,9,82.64,"",82.64,100,"Призер","Гатауллин  МаксимЭдуардович","Муниципальное  бюджетное общеобразовательное учреждение \"Многопрофильный лицей № 185\" г.Казани Республики Татарстан"]
[289,"Советский район","Муниципальное бюджетное общеобразовательное учреждение «Гимназия №175» Советского района г. Казани","Гадоев","А.","Х.","М","нет",10,10,82.34,"",82.34,100,"Призер","Сабиров  Рамиль Габделфартович","Муниципальное  бюджетное общеобразовательное учреждение \"Гимназия №175\" Советского района г.Казани Республики Татарстан"]
[290,"Ново-Савиновский район","МБОУ «Средняя общеобразовательная школа №132 с углубленным изучением иностранных языков» Ново-Савиновского района г. Казани","Шогин","Д.","Р.","М","нет",9,9,81.43,"",81.43,100,"Призер","Хубатуллина  Альбина Ильгизовна","Муниципальное  бюджетное общеобразовательное учреждение \"Средняя общеобразовательная школа №132 с углубленным изучением иностранных языков\" Ново-Савиновского района г. Казани\""]
[291,"Приволжский район","Муниципальное автономное общеобразовательное учреждение «Гимназия №19» Приволжского района г. Казани","Даутов","Э.","А.","М","нет",10,10,77.33,"",77.33,100,"Призер","Куроедов  Борис Борисович","МАОУ  \"Гимназия №19\""]
[292,"Приволжский район","Муниципальное автономное общеобразовательное учреждение «Гимназия №19» Приволжского района г. Казани","Нигматуллин","Э.","Р.","М","нет",10,10,77.26,"",77.26,100,"Призер","Куроедов  БорисБорисович","Муниципальное  автономное общеобразовательное учреждение \"Гимназия №19\""]
[293,"Ново-Савиновский район","Муниципальное бюджетное общеобразовательное учреждение «Средняя общеобразовательная татарско – русская школа №113 с углубленным изучением отдельных предметов им. Героя России М.Р. Ахметшина» Ново-Савиновского района г. Казани","Мухаметшин","Д.","И.","М","нет",10,10,76.7,"",76.7,100,"Призер","Рыжов  Александр Васильевич","МБОУ  \"Школа №113\""]
[294,"Приволжский район","Муниципальное бюджетное общеобразовательное учреждение «Гимназия №21» Приволжского района г. Казани","Максимов","В.","В.","М","нет",9,9,75.98,"",75.98,100,"Призер","Хафизов  Ильшат Исхакович","МБОУ  \"Гимназия №21\""]
[295,"Кировский район","Муниципальное бюджетное общеобразовательное учреждение \"Гимназия №152\" Кировского района г.Казани","Валеев","М.","И.","М","нет",9,9,74.6,"",74.6,100,"Призер","Цветова  ГалинаФедоровна","Муниципальное  бюджетное общеобразовательное учреждение \"Гимназия №152\" Кировского района г.Казани\""]
[296,"Приволжский район","Муниципальное бюджетное общеобразовательное учреждение «Средняя общеобразовательная школа №24 с углубленным изучением отдельных предметов» Приволжского района г. Казани","Сулейманов","Т.","Р.","М","нет",11,11,73.81,"",73.81,100,"Призер","Гайнуллин  Айдар Талгатович","Муниципальное  бюджетное общеобразовательное учреждение \"Средняя общеобразовательная школа №24 с углубленным изучением отдельных предметов\" Приволжского района г.Казани Республики Татарстан"]
[297,"Авиастроительный район","Муниципальное бюджетное общеобразовательное учреждение \"Гимназия №36\" Авиастроительного района г. Казани","Иньков","М.","Д.","М","нет",10,10,73.65,"",73.65,100,"Призер","Мартынова  Татьяна Георгиевна","МБОУ\"Гимназия  №36\" Авиастроительного района г.Казани"]
[298,"Авиастроительный-Ново-Савиновский","Государственное  бюджетное общеобразовательное учреждение \"Казанская кадетская школа-интернат им. Героя Советского Союза Б.К. Кузнецова\"","Спиридонов","Р.","Е.","М","нет",11,11,73.36,"",73.36,100,"Призер","Шамаев  ДмитрийГеннадьевич","Государственное  бюджетное общеобразовательное учреждение \"Казанская кадетская школа-интернат имени Героя Советского Союза Б.К.Кузнецова\""]
[299,"Московский район","Муниципальное бюджетное общеобразовательное учреждение «Гимназия №102 им. М.С.Устиновой» Московского района г. Казани","Гафиятуллин","Р.","М.","М","нет",11,11,72.5,"",72.5,100,"Призер","Романова  Ольга Анатольевна","Муниципальное  бюджетное общеобразовательное учреждение \"Гимназия №102\" г.Казани Республики Татарстан"]
[300,"Вахитовский район","Муниципальное бюджетное общеобразовательное учреждение «Средняя общеобразовательная школа №51» Вахитовского района г. Казани","Шагиев","С.","А.","М","нет",11,11,72.2,"",72.2,100,"Призер","Шарафутдинов  АльбертШамильевич","Муниципальное  бюджетное общеобразовательное учреждение \"Средняя общеобразовательная школа № 51\""]
[301,"Ново-Савиновский район","Специализированный учебный научный центр Инженерный лицей-интернат КНИТУ-КАИ","Смоленков","Е.","В.","М","нет",9,9,66.55,5.4,71.95,100,"Призер","Пестова  АленаВалерьевна","Инженерный  лицей-интернат КНИТУ-КАИ"]
[302,"Советский район","Муниципальное бюджетное общеобразовательное учреждение «Гимназия № 183» Советского района г.Казани","Гаврилов","С.","В.","М","нет",10,10,71.69,"",71.69,100,"Призер","Валиахметов  ИльшатГайсович","Муниципальное  бюджетное общеобразовательное учреждение «Гимназия № 183» Советского района г.Казани"]
[303,"Советский район","Муниципальное автономное общеобразовательное учреждение \"Гимназия №141\" Советского района г.Казани","Лаврухин","Н.","А.","М","нет",11,11,71.66,"",71.66,100,"Призер","Гонголев  Вячеслав Геннадьевич","Муниципальное  автономное общеобразовательное учреждение \"Гимназия 141\""]
[304,"Советский район","МАОУ \"Лицей №121 имени Героя Советского Союза С. А. Ахтямова\" Советского района г.Казани","Сафуанов","К.","Р.","М","нет",10,10,71.31,"",71.31,100,"Призер","Слободчиков  СергейЛьвович","Муниципальное  автономное общеобразовательное учреждение \"Лицей №121 имени Героя Советского Союза С.А.Ахтямова\" Советского района г.Казани"]
[305,"Приволжский район","Муниципальное автономное общеобразовательное учреждение «Гимназия №19» Приволжского района г. Казани","Гизатуллин","Т.","И.","М","нет",9,9,70.86,"",70.86,100,"Призер","Баранов  Глеб Валерьевич","Муниципальное  автономное общеобразовательное учреждение \"Гимназия №19\" Приволжского района г.Казани Республики Татарстан"]
[306,"Вахитовский район","ФГКОУ «Казанское суворовское военное училище »","Павлов","С.","Е.","М","нет",10,10,70.62,"",70.62,100,"Призер","Ахмадуллин  Аскар Вадимович","ФГКОУ  \"Казанское суворовское военное училище\" МО РФ"]
[307,"Ново-Савиновский район","ГАОУ \"Полилингвальный комплекс \"Адымнар-Казань\"","Андреев","К.","В.","М","нет",11,11,69.46,"",69.46,100,"Призер","Штыкова  ОльгаВладимировна","Государственное  автономное общеобразовательное учреждение \"Полилингвальный комплекс \"Адымнар - путь к знаниям и согласию\" г. Казани\""]
[308,"Приволжский район","Муниципальное автономное общеобразовательное учреждение «Гимназия №19» Приволжского района г. Казани","Юсупов","Т.","З.","М","нет",9,9,68.98,"",68.98,100,"Призер","Баранов  Глеб Валерьевич","Муниципальное  автономное общеобразовательное учреждение \"Гимназия №19\" Приволжского района г.Казани Республики Татарстан"]
[309,"Кировский район","Муниципальное бюджетное общеобразовательное учреждение «Средняя общеобразовательная школа № 137 с углубленным изучением отдельных предметов» Кировского района г. Казани","Назарчев","И.","Е.","М","нет",10,10,68.84,"",68.84,100,"Призер","Баранов  Владимир Гкннадьевич","Муниципальное  бюджетное общеобразовательное учреждение \"Школа №137 с углубленным изучением отдельных предметов\" Кировского района г.Казани Республики Татарстан"]
[310,"Ново-Савиновский район","Муниципальное бюджетное общеобразовательное учреждение \"Лицей № 177\" Ново-Савиновского района г. Казани","Загеров","А.","А.","М","нет",11,11,68.27,"",68.27,100,"Призер","Ярохно  Анатолий Дмитриевич","Муниципальное  бюджетное общеобразовательное учреждение \"Лицей №177\" Ново-Савиновского района г. Казани\""]
[311,"Московский район","Муниципальное бюджетное общеобразовательное учреждение «Гимназия №75» Московского района г.Казани","Алмеков","Т.","С.","М","нет",11,11,68.15,"",68.15,100,"Призер","Чебуков  ИгорьАлексеевич","Муниципальное  бюджетное общеобразовательное учреждение \"Гимназия № 75\" Московского района г. Казани\""]
[312,"Ново-Савиновский район","ГАОУ \"Полилингвальный комплекс \"Адымнар-Казань\"","Солодовников","С.","А.","М","нет",9,9,66.37,"",66.37,100,"Призер","Штыкова  ОльгаВладимировна","Государственное  автономное общеобразовательное учреждение \"Полилингвальный комплекс \"Адымнар - путь к знаниям и согласию\" г. Казани\""]
[313,"Московский район","Муниципальное бюджетное общеобразовательное учреждение «Татарская гимназия №17 имени Г. Ибрагимова» Московского района г. Казани","Шаронич","Д.","В.","М","нет",10,10,66.16,"",66.16,100,"Призер","Каюмов  Камиль Тагирович","Муниципальное  бюджетное общеобразовательное учреждение \"Татарская гимназия № 17 имени Г.Ибрагимова\" Московского района г.Казани\""]
[314,"Московский район","Муниципальное бюджетное общеобразовательное учреждение «Средняя общеобразовательная школа №130 имени Героя Российской Федерации майора С.А.Ашихмина» Московского района г.Казани","Гужов","П.","Ю.","М","нет",10,10,66.13,"",66.13,100,"Призер","Васильев  Александр Анатолиевич","Муниципальное  бюджетное общеобразовательное учреждение «Средняя общеобразовательная школа №130 имени Героя Российской Федерации майора С.А.Ашихмина» Московского района г.Казани"]
[315,"Московский район","Муниципальное бюджетное общеобразовательное учреждение «Средняя общеобразовательная школа №64» Московского района г. Казани","Гарипов","И.","Р.","М","нет",9,9,65.93,"",65.93,100,"Призер","Чуприн  Д.Л.","Муниципальное  бюджетное общеобразовательное учреждение \"Школа №64\" Московского района г.Казани"]
[316,"Приволжский район","МБОУ «Русско-татарская средняя общеобразовательная школа №97» Приволжского района г. Казани","Морозов","Д.","С.","М","нет",11,11,65.67,"",65.67,100,"Призер","Габдрахманов  Рифат Ринатович","МБОУ  \"Школа№97\""]
[317,"Ново-Савиновский район","Муниципальное автономное общеобразовательное учреждение «Лицей №146 \"Ресурс\"» Ново-Савиновского района г. Казани","Салихов","Д.","М.","М","нет",11,11,65.58,"",65.58,100,"Призер","Белянин  АлексейАнатольевич","Муниципальное  автономное общеобразовательное учреждение \"Лицей №146 \"Ресурс\" Ново-Савиновского района г. Казани\""]
[318,"Ново-Савиновский район","МБОУ «Средняя общеобразовательная школа № 9 с углубленным изучением английского языка» Ново-Савиновского района г.Казани","Зарипов","К.","З.","М","нет",9,9,65.02,"",65.02,100,"Призер","Зарипов  Зуфар Зиннурович","МБОУ  \"Школа №9\" Ново-Савиновского района г.Казани"]
[319,"Приволжский район","МБОУ «Татарско-русская средняя общеобразовательная школа №10 с углубленным изучением отдельных предметов» Приволжского района г. Казани","Ягъфаров","А.","А.","М","нет",10,10,64.89,"",64.89,100,"Призер","Габдрахманов  Рафис Рашитович","МБОУ  \"Школа №10\""]
[320,"Советский район","Муниципальное бюджетное общеобразовательное учреждение «Гимназия № 183» Советского района г.Казани","Идиятуллин","Р.","Э.","М","нет",9,9,64.86,"",64.86,100,"Призер","Шамгунова  ВикторияАлексеевна","Муниципальное  бюджетное общеобразовательное учреждение «Гимназия № 183» Советского района г.Казани"]
[321,"Московский район","Муниципальное бюджетное общеобразовательное учреждение «Средняя общеобразовательная татарско-русская школа №65 с углубленным изучением отдельных предметов» Московского района г. Казани","Латыпов","М.","А.","М","нет",11,11,64.56,"",64.56,100,"Призер","Половников  Валерий Николаевич","Муниципальное  бюджетное общеобразовательное учреждение «Средняя общеобразовательная татарско-русская школа №65 с углубленным изучением отдельных предметов» Московского района г. Казани"]
[322,"Приволжский район","МБОУ «Русско-татарская средняя общеобразовательная школа №136» Приволжского района города Казани","Шарафиев","К.","М.","М","нет",10,11,64.44,"",64.44,100,"Призер","Корнетов  Вячеслав Владимирович","Муниципальное  бюджетное общеобразовательное учреждение \"Школа №136\" г.Казани Республики Татарстан"]
[323,"Авиастроительный район","Муниципальное бюджетное общеобразовательное учреждение \"Средняя общеобразовательная школа  с углубленным изучением отдельных предметов №62\" Авиастроительного района г.Казани","Феоктистов","А.","Ю.","М","нет",9,9,63.82,"",63.82,100,"Призер","Косова  Любовь Николаевна","Муниципальное  бюджетное общеобразовательное учреждение \"Школа №62\" г.Казани Республики Татарстан"]
[324,"Приволжский район","Муниципальное бюджетное общеобразовательное учреждение «Татаро-английская гимназия №16» Приволжского района г. Казани","Хазиев","К.","Р.","М","нет",9,9,63.79,"",63.79,100,"Призер","Лотфуллина  РозаРафаиловна","Муниципальное  бюджетное общеобразовательное учреждение \"Татаро-английская гимназия №16\""]
[325,"Московский район","Муниципальное бюджетное образовательное учреждение \"Гимназия №9\" Московского района г.Казани","Гусев","А.","Д.","М","нет",10,10,63.76,"",63.76,100,"Призер","Зиновьева  Евгения Владимировна","МБОУ  \"Гимназия №9\""]
[326,"Приволжский район","Муниципальное бюджетное общеобразовательное учреждение «Гимназия №52» Приволжского района города Казани","Коновалов","М.","Е.","М","нет",10,10,63.06,"",63.06,100,"Призер","Михеев  Эдуард Рафаильевич","Муниципальное  бюджетное общеобразовательное учреждение \"Гимназия №52\" г.Казани Республики Татарстан"]
[327,"Московский район","Муниципальное бюджетное общеобразовательное учреждение «Гимназия №20 \"Гармония\"» Московского района г. Казани","Корчаков","А.","С.","М","нет",10,10,62.82,"",62.82,100,"Призер","Колоярцев  Андрей Александрович","МБОУ  \"Гимназия №20 \"Гармония\"\" Московского района г.Казани"]
[328,"Ново-Савиновский район","Муниципальное автономное общеобразовательное учреждение «Лицей №146 \"Ресурс\"» Ново-Савиновского района г. Казани","Солтанов","Р.","Н.","М","нет",10,11,62.48,"",62.48,100,"Участник","Федорченко  Р.В.","Муниципальное  автономное общеобразовательное учреждение «Лицей №146 \"Ресурс\"» Ново-Савиновского района г. Казани"]
[329,"Московский район","Муниципальное бюджетное общеобразовательное учреждение «Средняя общеобразовательная школа №55 с углубленным изучением отдельных предметов» Московского района г.Казани","Мосунов","Р.","О.","М","нет",11,11,60.55,"",60.55,100,"Участник","Евдокимов  Андрей Викторович","МБОУ  \"Школа №55\" г.Казани Республики Татарстан"]
[330,"Московский район","Муниципальное бюджетное образовательное учреждение «Средняя общеобразовательная татарско-русская школа №34» Московского района г. Казани","Фомин","И.","А.","М","нет",11,11,60.22,"",60.22,100,"Участник","Мухаммадиев  Альмир Сиренович","МБОУ  \"Средняя общеобразовательная татарско-русская школа №34\" Московского района г.Казани"]
[331,"Советский район","Муниципальное бюджетное общеобразовательное учреждение «Средняя общеобразовательная школа №101 имени П.А. Полушкина - Центр образования » Советского района г. Казани","Аюбов","К.","Д.","М","нет",9,9,59.88,"",59.88,100,"Участник","Гарифзянова  Резеда Альбертовна","Муниципальное  бюджетное общеобразовательное учреждение \"Школа №101 имени П. А. Полушкина - Центр образования\" Советского района г.Казани"]
[332,"Вахитовский район","Муниципальное автономное общеобразовательное учреждение «Средняя общеобразовательная школа №18 с углубленным изучением английского языка» Вахитовского района г. Казани","Галиев","Н.","Р.","М","нет",11,11,59.16,"",59.16,100,"Участник","Перетягин  Ф.В.","МАОУ  \"Школа №18\""]
[333,"Вахитовский район","Муниципальное автономное общеобразовательное учреждение \"Лицей №131\" Вахитовского района г. Казани","Иванов","Н.","А.","М","Нет",10,10,58.21,"",58.21,100,"Участник","Асхадуллин  Ринат Фазылович","МАОУ  \"Лицей №131\""]
[334,"Кировский район","Муниципальное бюджетное общеобразовательное учреждение \"Гимназия №152\" Кировского района г.Казани","Исхаков","Т.","М.","М","нет",9,9,56.6,"",56.6,100,"Участник","Цветова  Галина Фёдоровна","МБОУ  \"Гимназия 152\""]
[335,"Авиастроительный район","Муниципальное бюджетное общеобразовательное учреждение «Гимназия №5» Авиастроительного района г. Казани","Хафизов","И.","М.","М","нет",10,10,56.13,"",56.13,100,"Участник","Шакирова  Назия Аглулловна","Муниципальное  бюджетное общеобразовательное учреждение \"Гимназия №5\" Авиастроительного района г. Казани"]
[336,"Приволжский район","Муниципальное бюджетное общеобразовательное учреждение \"Лицей № 35 - образовательный центр \"Галактика\" Приволжского района города Казани","Ибрагимов","А.","Р.","М","нет",10,10,51,"",51,100,"Участник","Мансуров  Дмитрий Андреевич","Муниципальное  бюджетное общеобразовательное учреждение \"Лицей №35 - образовательный центр \"Галактика\" Приволжского района города Казани"]
[337,"Московский район","МУНИЦИПАЛЬНОЕ БЮДЖЕТНОЕ ОБЩЕОБРАЗОВАТЕЛЬНОЕ УЧРЕЖДЕНИЕ \"Средняя общеобразовательная школа №99\" Московского района г. Казани","Ахунов","Р.","Р.","М","нет",10,10,50.97,"",50.97,100,"Участник","Горулёва  Светлана Александровна","Муниципальное  бюджетное общеобразовательное учреждение \"Школа №99\" г.Казани Республики Татарстан"]
[338,"Советский район","МБОУ «Средняя общеобразовательная школа №84 с углубленным изучением иностранных языков» Советского района г. Казани","Ярмиев","Э.","Ф.","М","нет",9,9,48.29,"",48.29,100,"Участник","Яшина  ТамараНиколаевна","Муниципальное  бюджетное общеобразовательное учреждение \"Средняя общеобразовательная школа № 84 с углубленным изучением иностранных языков\" Советского района г. Казани\""]
[339,"Советский район","Муниципальное бюджетное общеобразовательное учреждение «Средняя общеобразовательная школа №144 с углубленным изучением отдельных предметов» Советского района г. Казани","Нагорских","Д.","Г.","М","нет",10,11,46.29,"",46.29,100,"Участник","Саидгараев  Фарид Файзулхакович","Муниципальное  бюджетное общеобразовательное учреждение \"Школа №144\" Советского района г.Казани"]
[340,"Приволжский район","Муниципальное бюджетное общеобразовательное учреждение «Многопрофильный лицей №186 - «Перспектива» Приволжского района г.Казани","Королев","М.","С.","М","нет",10,10,46.03,"",46.03,100,"Участник","Шарипов  Раиль Равилевич","Муниципальное  бюджетное общеобразовательное учреждение \"Многопрофильный лицей № 186 - \"Перспектива\" Приволжского района г.Казани"]
[341,"Ново-Савиновский район","Муниципальное бюджетное общеобразовательное учреждение «Средняя общеобразовательная татарско – русская школа №113 с углубленным изучением отдельных предметов им. Героя России М.Р. Ахметшина» Ново-Савиновского района г. Казани","Колчин","Д.","С.","М","нет",8,9,45.53,"",45.53,100,"Участник","Рыжов  Александр Васильевич","МБОУ  \"Школа №113\""]
[342,"Кировский район","Муниципальное бюджетное общеобразовательное учреждение \"Средняя общеобразовательная школа № 70 с углубленным изучением отдельных предметов\" Кировского района г.Казани","Степанов","Н.","М.","М","нет",9,11,44.66,"",44.66,100,"Участник","Семенова  Арина Владимировна","Муниципальное  бюджетное общеобразовательное учреждение \"Школа №70\" г.Казани Республики Татарстан"]
[343,"Авиастроительный район","Муниципальное бюджетное общеобразовательное учреждение \"Средняя общеобразовательная школа №77\" Авиастроительного района г. Казани","Трубников","К.","И.","М","нет",10,10,43.58,"",43.58,100,"Участник","Королев  Андрей Анатольевич","МБОУ  \"Школа№77\""]
[344,"Вахитовский район","Муниципальное бюджетное образовательное учреждение \"Средняя общеобразовательная школа №98 (татарско-русская)\"  Вахитовского  района г. Казани","Кротов","Г.","А.","М","нет",9,9,43.36,"",43.36,100,"Участник","Сагдатуллин  ГаббасГабдельбариевич","Муниципальное  бюджетное общеобразовательное учреждение \"Средняя общеобразовательная школа №98 (татарско-русская)\""]
[345,"Советский район","Муниципальное бюджетное общеобразовательное учреждение «Лицей №159» Советского района г. Казани","Мугинов","Б.","И.","М","нет",10,11,42.67,"",42.67,100,"Участник","Барлев  Виктор Александрович","Муниципальное  бюджетное общеобразовательное учреждение \"Лицей №159\" г.Казани Республики Татарстан"]
[346,"Приволжский район","Муниципальное бюджетное общеобразовательное учреждение «Средняя общеобразовательная школа №42» Приволжского района г. Казани","Назаров","М.","В.","М","нет",10,10,42.5,"",42.5,100,"Участник","Хикматуллин  Мударис Султанович","Муниципальное  бюджетное общеобразовательное учреждение \"Школа №42\" Приволжского района г.Казани Республики Татарстан"]
[347,"Советский район","Муниципальное бюджетное общеобразовательное учреждение \"Средняя общеобразовательная школа № 169\" Советского района г. Казани","Хафизов","А.","М.","М","нет",10,10,41.94,"",41.94,100,"Участник","Дворцова  Анна Алексеевна","МБОУ  \"Школа № 169\" Советского района г. Казани РТ"]
[348,"Вахитовский район","Муниципальное автономное общеобразовательное учреждение «Средняя общеобразовательная школа №39 с углубленным изучением английского языка» Вахитовского района г. Казани","Фомин","А.","Д.","М","нет",10,10,41.42,"",41.42,100,"Участник","Файзулаев  Адель Линарович","Муниципальное  автономное общеобразовательное учреждение \"Средняя общеобразовательная школа №39 с углубленным изучением английского языка\""]
[349,"Советский район","Муниципальное бюджетное общеобразовательное учреждение «Гимназия № 183» Советского района г.Казани","Гараев","Р.","Э.","М","нет",11,11,41.36,"",41.36,100,"Участник","Борисов  Виктор Александрович","Муниципальное  бюджетное общеобразовательное учреждение \"Гимназия №183\" г.Казани"]
[350,"Советский район","Муниципальное бюджетное  общеобразовательное учреждение \"Гимназия №20 имени Абдуллы Алиша\" Советского района г.Казани","Александров","А.","С.","М","нет",10,10,41.16,"",41.16,100,"Участник","Тимерханов  Рустем Ханифович","Муниципальное  бюджетное общеобразовательное учреждение \"Школа №1000\" г.Казани Республики Татарстан"]
[351,"Московский район","Муниципальное бюджетное общеобразовательное учреждение «Гимназия №75» Московского района г.Казани","Антонов","Р.","А.","М","нет",10,10,40.68,"",40.68,100,"Участник","Чебуков  И. А.","Муниципальное  бюджетное общеобразовательное учреждение \"Гимназия №75\" г.Казани Республики Татарстан"]
[352,"Советский район","Муниципальное бюджетное общеобразовательное учреждение «Многопрофильный лицей №187» Советского района г.Казани","Жарков","Н.","М.","М","нет",9,9,40.63,"",40.63,100,"Участник","Платунов  Антон Николаевич","МБОУ  \"Многопрофильный лицей №187\""]
[353,"Кировский район","Муниципальное Бюджетное Общеобразовательное Учреждение \"Средняя общеобразовательная школа №151 с углубленным изучением отдельных предметов\" Кировского района г.Казани","Приданников","Н.","О.","М","нет",9,9,40.52,"",40.52,100,"Участник","Дасаева  Фирюза Абдуловна","Муниципальное  бюджетное общеобразовательное учреждение «Средняя общеобразовательная школа №151 с углубленным изучением отдельных предметов» Кировского района города Казани"]
[354,"Ново-Савиновский район","МБОУ «Средняя общеобразовательная школа № 9 с углубленным изучением английского языка» Ново-Савиновского района г.Казани","Хисамутдинов","Р.","Э.","М","нет",10,10,39.71,"",39.71,100,"Участник","Стариков  Андрей Иванович","МБОУ  \"Школа №9\" Ново-Савиновского района г.Казани"]
[355,"Советский район","МБОУ «Средняя общеобразовательная  русско-татарская школа №111» Советского района г. Казани","Семенов","И.","В.","М","нет",10,10,39.64,"",39.64,100,"Участник","Лебедева  Оксана Леонидовна","МБОУ  \"Школа№111\""]
[356,"Вахитовский район","Муниципальное бюджетное общеобразовательное учреждение \"Лицей №5\" Вахитовского района г. Казани","Галявиев","А.","М.","М","нет",10,10,39.55,"",39.55,100,"Участник","Самойлов  Руслан Вадимович","Муниципальное  бюджетное общеобразовательное учреждение \"Лицей№5\" г.Казани Республики Татарстан"]
[357,"Вахитовский район","Муниципальное бюджетное общеобразовательное учреждение  «Гимназия №27 с татарским языком обучения» Вахитовского района г. Казани","Галлямов","С.","Р.","М","нет",11,11,38.58,"",38.58,100,"Участник","Абдуллин  Ильфат Талгатович","Муниципальное  бюджетное общеобразовательное учреждение «Гимназия №27 с татарским языком обучения» Вахитовского района г. Казани"]
[358,"Авиастроительный район","Муниципальное бюджетное общеобразовательное учреждение \"Средняя общеобразовательная школа № 54 с углубленным изучением отдельных предметов\" Авиастроительного района  г. Казани","Пикин","О.","Е.","М","нет",9,9,38.46,"",38.46,100,"Участник","Шинкарева  Лидия Викторовна","МБОУ  \"Школа № 54\""]
[359,"Советский район","Муниципальное бюджетное общеобразовательное учреждение «Гимназия №93»  Советского района г.Казани","Семенов","К.","Д.","М","нет",10,10,38.2,"",38.2,100,"Участник","Кочев  Андрей Юрьевич","МБОУ  \"Гимназия №93\" Советского района г.Казани"]
[360,"Приволжский район","Муниципальное бюджетное общеобразовательное учреждение \"Средняя общеобразовательная школа №127\" Приволжского района города Казани","Николаев","Р.","А.","М","нет",11,11,38.14,"",38.14,100,"Участник","Токранова  Зинаида Леонидовна","Муниципальное  бюджетное общеобразовательное учреждение \"Школа №127\" г.Казани Республики Татарстан"]
[361,"Приволжский район","Муниципальное бюджетное общеобразовательное учреждение «Средняя общеобразовательная школа №100 - Центр образования» Приволжского района г.Казани","Мурсалов","Т.","Ф.","М","нет",10,10,37.98,"",37.98,100,"Участник","Якупов  Ильмир Ильсурович","МБОУ   \"Школа №100 - Центр образования\" Приволжского района г. Казани"]
[362,"Советский район","Муниципальное бюджетное общеобразовательное учреждение «Лицей №159» Советского района г. Казани","Салахов","К.","И.","М","нет",9,9,37.92,"",37.92,100,"Участник","Барлев  ВикторАлександрович","Муниципальное  бюджетное общеобразовательное учреждение \"Лицей № 159\" Советского района г.Казани\""]
[363,"Советский район","Муниципальное бюджетное общеобразовательное учреждение «Гимназия №8- Центр образования» Советского района г. Казани","Салахов","Р.","Р.","М","нет",11,11,37.91,"",37.91,100,"Участник","Куприянов  Борис Александрович","МБОУ  \"Гимназия №8-ЦО\"Советского района г.Казани Республики Татарстан"]
[364,"Авиастроительный район","Муниципальное бюджетное общеобразовательное учреждение «Лицей №26 им. Мусы Джалиля» Авиастроительного района г. Казани","Козлов","Н.","Д.","М","нет",10,10,37.8,"",37.8,100,"Участник","Мухаммадеева  Ралина Альбертовна","МБОУ  \"Лицей №26 им.М.Джалиля\""]
[365,"Кировский район","Муниципальное бюджетное общеобразовательное учреждение \"Политехнический лицей №182\" Кировского района г.Казани","Давлиев","М.","М.","М","нет",10,11,36.49,"",36.49,100,"Участник","Шихапов  Руслан Ринатович","МБОУ  \"Политехнический лицей №182\""]
[366,"Вахитовский район","Муниципальное бюджетное образовательное учреждение \"Средняя общеобразовательная школа №98 (татарско-русская)\"  Вахитовского  района г. Казани","Торсуков","А.","Р.","М","нет",10,10,35.88,"",35.88,100,"Участник","Сагдатуллин  Габбас Бариевич","Муниципальное  бюджетное общеобразовательное учреждение \"Средняя общеобразовательная школа №98 (татарско-русская)\""]
[367,"Вахитовский район","МБОУ «Средняя общеобразовательная татарско-русская школа №80 с углубленным изучением отдельных предметов» Вахитовского района г. Казани","Фаткуллин","А.","Ф.","М","нет",10,10,35.53,"",35.53,100,"Участник","ФаткуллинФТ","МБОУ  Школа №80"]
[368,"Авиастроительный район","Муниципальное автономное общеобразовательное учреждение «Гимназия №37» Авиастроительного района г. Казани","Сафин","А.","Л.","М","нет",10,10,35.34,"",35.34,100,"Участник","Сарбаев  Игорь Евгеньевич","Муниципальное  автономное общеобразовательное учреждение \"Гимназия №37\" г.Казани Республики Татарстан"]
[369,"Советский район","МБОУ «Гимназия № 174» Советского района г. Казани","Маслов","Т.","А.","М","нет",11,11,35.15,"",35.15,100,"Участник","Мифтахов  Р.К.","Муниципальное  бюджетное общеобразовательное учреждение \"Гимназия №174\"г.Казани Республики Татарстан"]
[370,"Приволжский район","МБОУ «Русско-татарская средняя общеобразовательная школа №129» Приволжского района г. Казани","Сафин","Д.","Р.","М","нет",11,11,34.41,"",34.41,100,"Участник","Хабибуллин  Равкат Якубочич","МБОУ  \"Школа №129\" г.Казани Республики Татарстан"]
[371,"Кировский район","Муниципальное бюджетное общеобразовательное учреждение «Гимназия №50» Кировского района г. Казани","Малахов","И.","Д.","М","нет",11,11,34.36,"",34.36,100,"Участник","Мычилкина  Зоя Дмитриевна","Муниципальное  бюджетное общеобразовательное учреждение \"Гимназия №50\" г.Казани Республики Татарстан"]
[372,"Ново-Савиновский район","МБОУ «Средняя  общеобразовательная школа №49» Ново-Савиновского района г. Казани","Кулигин","А.","К.","М","нет",10,10,34.35,"",34.35,100,"Участник","Сухарев  Игорь Александрович","Муниципальное  бюджетное общеобразовательное учреждение \"Школа №49\" г.Казани Республики Татарстан"]
[373,"Ново-Савиновский район","МБОУ «Средняя общеобразовательная школа №31» Ново-Савиновского района г.Казани","Галеев","М.","Р.","М","нет",9,9,32.87,"",32.87,100,"Участник","К.О.Федоров","МБОУ  \"СОШ №31\""]
[374,"Авиастроительный район","Муниципальное бюджетное общеобразовательное учреждение «Гимназия №33» Авиастроительного района г. Казани","Филатов","А.","В.","М","нет",9,9,13.8,"",13.8,100,"Участник","Аввакумова  Е.В.","МБОУ  \" Гимназия №33\""]
[375,"Советский район","МБОУ «Средняя общеобразовательная школа №171 с углубленным изучением отдельных предметов» Советского района г. Казани (Школа - центр компетенции в электронном образовании)","Григорьев","О.","Г.","М","нет",9,9,13.8,"",13.8,100,"Участник","Хусаинов  Ильшат Асхатович","Муниципальное  бюджетное общеобразовательное учреждение \"Школа №171\" Советского района г.Казани"]
[376,"Советский район","Муниципальное бюджетное общеобразовательное учреждение «Многопрофильная полилингвальная гимназия №180» Советского района г.Казани","Прозоров","А.","П.","М","нет",10,10,13.8,"",13.8,100,"Участник","Вахитов  Руслан Ильсурович","Муниципальное  бюджетное общеобразовательное учреждение \"МПГ №180\" г.Казани Республики Татарстан"]
[377,"Советский район","Муниципальное бюджетное общеобразовательное учреждение «Средняя общеобразовательная школа №156» Советского района г. Казани","Кадиров","Б.","А.","М","нет",10,10,11.7,"",11.7,100,"Участник","Хуриев  А.Х.","МБОУ  \"СОШ № 156\""]
[378,"Авиастроительный район","Муниципальное бюджетное общеобразовательное учреждение \"Лицей №145\" Авиастроительного района г. Казани","Шаронов","К.","С.","М","нет",10,10,10.8,"",10.8,100,"Участник","Семагин  Александр Алексеевич","Муниципальное  бюджетное общеобразовательное учреждение \"Лицей №145\" г.Казани Республики Татарстан"]
[379,"Московский район","Муниципальное бюджетное общеобразовательное учреждение «Гимназия №122 имени Ж.А. Зайцевой» Московского района г.Казани","Шарафеев","Н.","Р.","М","нет",10,10,10.8,"",10.8,100,"Участник","Вальтонов  Виктор Николаевич","МБОУ  \"Гимназия №122 имени Ж.А.Зайцевой\""]
[380,"Приволжский район","Муниципальное автономное общеобразовательное учреждение «Гимназия №139 - Центр образования» Приволжского района г. Казани","Галимов","Р.","Р.","М","нет",11,11,9.9,"",9.9,100,"Участник","Галкин  Виктор Юрьевич","Муниципальное  автономное общеобразовательное учреждение \"Гимназия №139-Центр образования\" Приволжского района г.Казани"]
[381,"Ново-Савиновский район","Муниципальное бюджетное общеобразовательное учреждение \"Средняя общеобразовательная татарско-русская школа №71 с углубленным изучением отдельных предметов\" Ново-Савиновского района города Казани","Казанцев","А.","Ю.","М","нет",9,9,9.3,"",9.3,100,"Участник","Мухаметшин  Азат Газизович","Муниципальное  бюджетное общеобразовательное учреждение \"Средняя общеобразовательная татарско-русская школа №71 с углубленным изучением отдельных предметов\" Ново-Савиновского района города Казани"]
[382,"Приволжский район","Муниципальное бюджетное общеобразовательное учреждение «Средняя общеобразовательная школа №69» Приволжского района г. Казани Республики Татарстан","Пчелов","К.","Г.","М","нет",9,9,9.3,"",9.3,100,"Участник","Еремина  Людмила Геннадьевна","Муниципальное  бюджетное общеобразовательное учреждение \"Средняя общеобразовательная школа №69 г.Казани Республики Татарстан"]
[383,"Советский район","Муниципальное бюджетное общеобразовательное учреждение «Многопрофильная школа №181» Советского района г.Казани","Янковский","К.","А.","М","нет",11,11,8.7,"",8.7,100,"Участник","Шигапова  Е.В.","Муниципальное  бюджетное общеобразовательное учреждение «Многопрофильная школа №181» г.Казани Республики Татарстан"]
[384,"Вахитовский район","МБОУ \"Гимназия №96\" Вахитовского района г. Казани","Насыров","А.","И.","М","нет",9,9,8.4,"",8.4,100,"Участник","Файсханов  Рузиль Ринатович","МБОУ  \"Гимназия № 96\" Вахитовского района г. Казани"]
[385,"Ново-Савиновский район","МБОУ «Средняя общеобразовательная школа №143 с углубленным изучением отдельных предметов» Ново-Савиновского района г. Казани","Сафиуллин","Р.","С.","М","нет",10,10,8.1,"",8.1,100,"Участник","Сабитов  Ильнур Наилевич","МБОУ  «Средняя общеобразовательная школа №143 с углубленным изучением отдельных предметов» Ново-Савиновского района г. Казани"]
[386,"Приволжский район","Муниципальное бюджетное общеобразовательное учреждение «Гимназия №6» Приволжского района г. Казани","Нагимов","А.","А.","М","нет",9,9,7.8,"",7.8,100,"Участник","Мухамадшева  Валентина Васильевна","Муниципальное  бюджетное общеобразовательное учреждение \"Гимназия №6\""]
[387,"Кировский район","Муниципальное бюджетное общеобразовательное учреждение  \"Русско-татарская средняя общеобразовательная школа №81 с углубленным изучением отдельных предметов имени В.А.Григорьева\" Кировского района г. Казани","Николаев","О.","Ф.","М","нет",10,10,7.8,"",7.8,100,"Участник","Рябова  Анна Владимировна","Муниципальное  бюджетное общеобразовательное учреждение \"Русско-татарская средняя общеобразовательная школа №81 с углубленным изучением отдельных предметов имени В.А. Григорьева\" Кировского района г. Казани"]
[388,"Советский район","МБОУ «Лицей №149 с татарским языком обучения» Советского района г. Казани","Сабиров","И.","Л.","М","нет",10,10,7.2,"",7.2,100,"Участник","Закиров  Ранис Раисович","МБОУ  \"Лицей №149 с татарским языком обучения\""]
[389,"Ново-Савиновский район","Муниципальное бюджетное общеобразовательное учреждение «Гимназия №7 имени Героя России А.В.Козина» Ново-Савиновского района г.Казани. Школа-центр компетенции в электронном образовании","Мифтахов","А.","И.","М","нет",11,11,6.6,"",6.6,100,"Участник","Рашитов  Наиль Шафкатович","Муниципальное  бюджетное общеобразовательное учреждение \"Гимназия 7 имени героя России А.В. Козина\" Ново-Савиновского района г.Казани Республики Татарстан"]
[390,"Ново-Савиновский район","МБОУ «Средняя общеобразовательная школа №170 с углублённым изучением отдельных предметов» Ново-Савиновского района г. Казани","Клишев","И.","Д.","М","нет",9,9,5.1,"",5.1,100,"Участник","Саппарова  Александра Юрьевна","Муниципальное  бюджетное общеобразовательное учреждение \"Школа №170\" г.Казани Республики Татарстан"]
[391,"Московский район","Муниципальное бюджетное общеобразовательное учреждение «Средняя общеобразовательная школа №120 с углубленным изучением отдельных предметов» Московского района г. Казани","Иванов","В.","В.","М","нет",10,10,0,"",0,100,"Участник","Хузин  Эльмар Рамилевич","МБОУ  \"Школа №120\" Московского района г.Казани"]